{"text_format":"3","workbook":"xlsx","n_sheets":14,"sheets":["部门财务收支预算总表01-1","部门收入预算表01-2","部门支出预算表01-3","一般公共预算“三公”经费支出预算表03","部门项目支出预算表05-1","部门项目支出绩效目标表05-2","部门政府性基金预算支出预算表06","部门政府采购预算表07","部门政府购买服务预算表08","市对下转移支付预算表09-1","市对下转移支付绩效目标表09-2","新增资产配置表10","上级转移支付补助项目支出预算表11","部门项目中期规划预算表12"],"not_rendered":{"defined_names":14},"read":"whole","date_system":"1900"}

{"sheet":"部门财务收支预算总表01-1","index":0,"n_rows":37,"n_cols":4,"rows_kept":37,"merged":[[2,0,2,3],[3,0,3,1],[4,0,4,1],[4,2,4,3]]}
[]
[{"$nulls":3},"预算01-1表"]
[{"$f":"\"2025\"&\"年部门财务收支预算总表\"","v":"2025年部门财务收支预算总表"}]
[{"$f":"\"单位名称：\"&\"云南省精神病医院\"","v":"单位名称：云南省精神病医院"},null,null,"单位：元"]
["收　　　　　　　　入",null,"支　　　　　　　　出"]
["项      目","预算数","项目(按功能分类)","预算数"]
["一、一般公共预算拨款收入",{"v":42102555.6,"d":"42,102,555.60"}," 一、一般公共服务支出"]
["二、政府性基金预算拨款收入",null," 二、外交支出"]
["三、国有资本经营预算拨款收入",null," 三、国防支出"]
["四、财政专户管理资金收入",null," 四、公共安全支出"]
["五、单位资金",{"v":337259151.69,"d":"337,259,151.69"}," 五、教育支出"]
["1、事业收入",{"v":337259151.69,"d":"337,259,151.69"}," 六、科学技术支出 "]
["2、事业单位经营收入",null," 七、文化旅游体育与传媒支出"]
["3、上级补助收入",null," 八、社会保障和就业支出",{"v":17476558.56,"d":"17,476,558.56"}]
["4、附属单位上缴收入",null," 九、卫生健康支出",{"v":349177648.73,"d":"349,177,648.73"}]
["5、其他收入",null," 十、节能环保支出"]
[null,null," 十一、城乡社区支出"]
[null,null," 十二、农林水支出"]
[null,null," 十三、交通运输支出"]
[null,null," 十四、资源勘探工业信息等支出"]
[null,null," 十五、商业服务业等支出"]
[null,null," 十六、金融支出"]
[null,null," 十七、援助其他地区支出"]
[null,null," 十八、自然资源海洋气象等支出"]
[null,null," 十九、住房保障支出",{"v":12707500,"d":"12,707,500.00"}]
[null,null," 二十、粮油物资储备支出"]
[null,null," 二十一、国有资本经营预算支出"]
[null,null," 二十二、灾害防治及应急管理支出"]
[null,null," 二十三、预备费"]
[null,null," 二十四、其他支出"]
[null,null," 二十五、转移性支出"]
[null,null," 二十六、债务付息支出"]
["本年收入合计",{"v":379361707.29,"d":"379,361,707.29"},"本年支出合计",{"v":379361707.29,"d":"379,361,707.29"}]
["上年结转结余",null,"年终结转结余"]
["1、财政拨款结转结余",null,"1、财政拨款结转结余"]
["2、使用非财政拨款结余",null,"2、非财政拨款结余"]
["收  入  总  计",{"v":379361707.29,"d":"379,361,707.29"},"支  出  总  计",{"v":379361707.29,"d":"379,361,707.29"}]

{"sheet":"部门收入预算表01-2","index":1,"n_rows":10,"n_cols":19,"rows_kept":10,"merged":[[1,0,1,18],[2,0,2,18],[3,0,3,1],[4,0,6,0],[4,1,6,1],[4,2,6,2],[4,3,4,13],[4,14,4,18],[5,3,6,3],[5,4,6,4],[5,5,6,5],[5,6,6,6],[5,7,6,7],[5,8,5,13],[5,14,6,14],[5,15,6,15],[5,16,6,16],[5,17,6,17],[5,18,6,18],[9,0,9,1]]}
[]
["预算01-2表"]
[{"$f":"\"2025\"&\"年部门收入预算表\"","v":"2025年部门收入预算表"}]
[{"$f":"\"单位名称：\"&\"云南省精神病医院\"","v":"单位名称：云南省精神病医院"},{"$nulls":17},"单位：元"]
["部门（单位）代码","部门（单位）名称","合计","本年收入",{"$nulls":10},"上年结转结余"]
[{"$nulls":3},"小计","一般公共预算","政府性基金预算","国有资本经营预算","财政专户管理资金","单位资金",{"$nulls":5},"小计","一般公共预算","政府性基金预算","国有资本经营预算","使用非财政拨款结余"]
[{"$nulls":8},"小计","事业收入","事业单位经营收入","上级补助收入","附属单位上缴收入","其他收入"]
[1,2,3,4,5,6,7,8,9,10,11,12,13,14,15,16,17,18,19]
["131017","云南省精神病医院",{"v":379361707.29,"d":"379,361,707.29"},{"v":379361707.29,"d":"379,361,707.29"},{"v":42102555.6,"d":"42,102,555.60"},{"$nulls":3},{"v":337259151.69,"d":"337,259,151.69"},{"v":337259151.69,"d":"337,259,151.69"}]
["合计",null,{"v":379361707.29,"d":"379,361,707.29"},{"v":379361707.29,"d":"379,361,707.29"},{"v":42102555.6,"d":"42,102,555.60"},{"$nulls":3},{"v":337259151.69,"d":"337,259,151.69"},{"v":337259151.69,"d":"337,259,151.69"}]

{"sheet":"部门支出预算表01-3","index":2,"n_rows":21,"n_cols":15,"rows_kept":21,"merged":[[1,0,1,14],[2,0,2,14],[3,0,3,1],[4,0,5,0],[4,1,5,1],[4,2,5,2],[4,3,4,5],[4,6,5,6],[4,7,5,7],[4,8,5,8],[4,9,4,14],[20,0,20,1]]}
[]
["预算01-3表"]
[{"$f":"\"2025\"&\"年部门支出预算表\"","v":"2025年部门支出预算表"}]
[{"$f":"\"单位名称：\"&\"云南省精神病医院\"","v":"单位名称：云南省精神病医院"},{"$nulls":13},"单位：元"]
["科目编码","科目名称","合计","一般公共预算",null,null,"政府性基金预算","国有资本经营预算","财政专户管理的支出","单位资金"]
[{"$nulls":3},"小计","基本支出","项目支出",{"$nulls":3},"小计","事业支出","事业单位经营支出","上级补助支出","附属单位补助支出","其他支出"]
["1","2","3","4","5","6","7","8","9","10","11","12","13","14","15"]
["208","社会保障和就业支出",{"v":17476558.56,"d":"17,476,558.56"},{"v":5691000,"d":"5,691,000.00"},{"v":5691000,"d":"5,691,000.00"},{"$nulls":4},{"v":11785558.56,"d":"11,785,558.56"},{"v":11785558.56,"d":"11,785,558.56"}]
["20805","行政事业单位养老支出",{"v":17476558.56,"d":"17,476,558.56"},{"v":5691000,"d":"5,691,000.00"},{"v":5691000,"d":"5,691,000.00"},{"$nulls":4},{"v":11785558.56,"d":"11,785,558.56"},{"v":11785558.56,"d":"11,785,558.56"}]
["2080502","事业单位离退休",{"v":5691000,"d":"5,691,000.00"},{"v":5691000,"d":"5,691,000.00"},{"v":5691000,"d":"5,691,000.00"}]
["2080505","机关事业单位基本养老保险缴费支出",{"v":7857039.04,"d":"7,857,039.04"},{"$nulls":6},{"v":7857039.04,"d":"7,857,039.04"},{"v":7857039.04,"d":"7,857,039.04"}]
["2080506","机关事业单位职业年金缴费支出",{"v":3928519.52,"d":"3,928,519.52"},{"$nulls":6},{"v":3928519.52,"d":"3,928,519.52"},{"v":3928519.52,"d":"3,928,519.52"}]
["210","卫生健康支出",{"v":349177648.73,"d":"349,177,648.73"},{"v":36411555.6,"d":"36,411,555.60"},{"v":36411555.6,"d":"36,411,555.60"},{"$nulls":4},{"v":312766093.13,"d":"312,766,093.13"},{"v":312766093.13,"d":"312,766,093.13"}]
["21002","公立医院",{"v":341796253.43,"d":"341,796,253.43"},{"v":36411555.6,"d":"36,411,555.60"},{"v":36411555.6,"d":"36,411,555.60"},{"$nulls":4},{"v":305384697.83,"d":"305,384,697.83"},{"v":305384697.83,"d":"305,384,697.83"}]
["2100205","精神病医院",{"v":341796253.43,"d":"341,796,253.43"},{"v":36411555.6,"d":"36,411,555.60"},{"v":36411555.6,"d":"36,411,555.60"},{"$nulls":4},{"v":305384697.83,"d":"305,384,697.83"},{"v":305384697.83,"d":"305,384,697.83"}]
["21011","行政事业单位医疗",{"v":7381395.3,"d":"7,381,395.30"},{"$nulls":6},{"v":7381395.3,"d":"7,381,395.30"},{"v":7381395.3,"d":"7,381,395.30"}]
["2101102","事业单位医疗",{"v":7381395.3,"d":"7,381,395.30"},{"$nulls":6},{"v":7381395.3,"d":"7,381,395.30"},{"v":7381395.3,"d":"7,381,395.30"}]
["221","住房保障支出",{"v":12707500,"d":"12,707,500.00"},{"$nulls":6},{"v":12707500,"d":"12,707,500.00"},{"v":12707500,"d":"12,707,500.00"}]
["22102","住房改革支出",{"v":12707500,"d":"12,707,500.00"},{"$nulls":6},{"v":12707500,"d":"12,707,500.00"},{"v":12707500,"d":"12,707,500.00"}]
["2210201","住房公积金",{"v":12707500,"d":"12,707,500.00"},{"$nulls":6},{"v":12707500,"d":"12,707,500.00"},{"v":12707500,"d":"12,707,500.00"}]
["合计",null,{"v":379361707.29,"d":"379,361,707.29"},{"v":42102555.6,"d":"42,102,555.60"},{"v":42102555.6,"d":"42,102,555.60"},{"$nulls":4},{"v":337259151.69,"d":"337,259,151.69"},{"v":337259151.69,"d":"337,259,151.69"}]

{"sheet":"一般公共预算“三公”经费支出预算表03","index":3,"n_rows":9,"n_cols":6,"rows_kept":9,"merged":[[2,0,2,5],[3,0,3,1],[4,0,5,0],[4,1,5,1],[4,2,4,4],[4,5,5,5]]}
[]
[{"$nulls":5},"预算03表"]
[{"$f":"\"2025\"&\"年一般公共预算“三公”经费支出预算表\"","v":"2025年一般公共预算“三公”经费支出预算表"}]
[{"$f":"\"单位名称：\"&\"云南省精神病医院\"","v":"单位名称：云南省精神病医院"},{"$nulls":4},"单位：元"]
["“三公”经费合计","因公出国（境）费","公务用车购置及运行费",null,null,"公务接待费"]
[null,null,"小计","公务用车购置费","公务用车运行费"]
["1","2","3","4","5","6"]
[]
["备注：此表无数据"]

{"sheet":"部门项目支出预算表05-1","index":4,"n_rows":23,"n_cols":23,"rows_kept":23,"merged":[[2,0,2,22],[3,0,3,7],[4,0,7,0],[4,1,7,1],[4,2,7,2],[4,3,7,3],[4,4,7,4],[4,5,7,5],[4,6,7,6],[4,7,7,7],[4,8,7,8],[4,9,4,12],[4,13,4,15],[4,16,7,16],[4,17,4,22],[5,9,6,10],[5,11,7,11],[5,12,7,12],[5,13,7,13],[5,14,7,14],[5,15,7,15],[5,17,7,17],[5,18,7,18],[5,19,7,19],[5,20,7,20],[5,21,7,21],[5,22,7,22],[22,0,22,7]]}
[]
[{"$nulls":22},"预算05-1表"]
[{"$f":"\"2025\"&\"年部门项目支出预算表\"","v":"2025年部门项目支出预算表"}]
[{"$f":"\"单位名称：\"&\"云南省精神病医院\"","v":"单位名称：云南省精神病医院"},{"$nulls":21},"单位：元"]
["项目分类","项目代码","项目名称","项目单位","功能科目编码","功能科目名称","经济科目编码","经济科目名称","合计","本年拨款",{"$nulls":3},"财政拨款结转结余",null,null,"财政专户管理资金","单位资金"]
[{"$nulls":9},"一般公共预算",null,"政府性基金预算","国有资本经营预算","一般公共预算","政府性基金预算","国有资本经营预算",null,"小计","事业收入","事业单位\n经营收入","上级补助收入","附属单位上缴收入","其他收入"]
[{"$nulls":9},"小计"]
[{"$nulls":9},"小计","其中：本次下达"]
[1,2,3,4,5,6,7,8,9,10,11,12,13,14,15,16,17,18,19,20,21,22,23]
["因公出国（境）经费","530100251100003709422","2025年因公出国出境经费","云南省精神病医院","2100205","精神病医院","30212","因公出国（境）费用",{"v":100000,"d":"100,000.00"},{"$nulls":8},{"v":100000,"d":"100,000.00"},{"v":100000,"d":"100,000.00"}]
["事业发展类","530100210000000017842","新增资产配置经费","云南省精神病医院","2100205","精神病医院","31002","办公设备购置",{"v":1374700,"d":"1,374,700.00"},{"$nulls":8},{"v":1374700,"d":"1,374,700.00"},{"v":1374700,"d":"1,374,700.00"}]
["事业发展类","530100210000000017842","新增资产配置经费","云南省精神病医院","2100205","精神病医院","31003","专用设备购置",{"v":23145000,"d":"23,145,000.00"},{"$nulls":8},{"v":23145000,"d":"23,145,000.00"},{"v":23145000,"d":"23,145,000.00"}]
["事业发展类","530100210000000017842","新增资产配置经费","云南省精神病医院","2100205","精神病医院","31007","信息网络及软件购置更新",{"v":22299800,"d":"22,299,800.00"},{"$nulls":8},{"v":22299800,"d":"22,299,800.00"},{"v":22299800,"d":"22,299,800.00"}]
["事业发展类","530100210000000017842","新增资产配置经费","云南省精神病医院","2100205","精神病医院","31022","无形资产购置",{"v":225000,"d":"225,000.00"},{"$nulls":8},{"v":225000,"d":"225,000.00"},{"v":225000,"d":"225,000.00"}]
["事业发展类","530100210000000017842","新增资产配置经费","云南省精神病医院","2100205","精神病医院","31099","其他资本性支出",{"v":3805000,"d":"3,805,000.00"},{"$nulls":8},{"v":3805000,"d":"3,805,000.00"},{"v":3805000,"d":"3,805,000.00"}]
["事业发展类","530100251100003814558","2025年人才科研经费","云南省精神病医院","2100205","精神病医院","30202","印刷费",{"v":70000,"d":"70,000.00"},{"$nulls":8},{"v":70000,"d":"70,000.00"},{"v":70000,"d":"70,000.00"}]
["事业发展类","530100251100003814558","2025年人才科研经费","云南省精神病医院","2100205","精神病医院","30211","差旅费",{"v":40000,"d":"40,000.00"},{"$nulls":8},{"v":40000,"d":"40,000.00"},{"v":40000,"d":"40,000.00"}]
["事业发展类","530100251100003814558","2025年人才科研经费","云南省精神病医院","2100205","精神病医院","30215","会议费",{"v":20000,"d":"20,000.00"},{"$nulls":8},{"v":20000,"d":"20,000.00"},{"v":20000,"d":"20,000.00"}]
["事业发展类","530100251100003814558","2025年人才科研经费","云南省精神病医院","2100205","精神病医院","30216","培训费",{"v":137000,"d":"137,000.00"},{"$nulls":8},{"v":137000,"d":"137,000.00"},{"v":137000,"d":"137,000.00"}]
["事业发展类","530100251100003814558","2025年人才科研经费","云南省精神病医院","2100205","精神病医院","30218","专用材料费",{"v":1816000,"d":"1,816,000.00"},{"$nulls":8},{"v":1816000,"d":"1,816,000.00"},{"v":1816000,"d":"1,816,000.00"}]
["事业发展类","530100251100003814558","2025年人才科研经费","云南省精神病医院","2100205","精神病医院","30226","劳务费",{"v":30000,"d":"30,000.00"},{"$nulls":8},{"v":30000,"d":"30,000.00"},{"v":30000,"d":"30,000.00"}]
["事业发展类","530100251100003814558","2025年人才科研经费","云南省精神病医院","2100205","精神病医院","30299","其他商品和服务支出",{"v":157000,"d":"157,000.00"},{"$nulls":8},{"v":157000,"d":"157,000.00"},{"v":157000,"d":"157,000.00"}]
["合  计",{"$nulls":7},{"v":53219500,"d":"53,219,500.00"},{"$nulls":8},{"v":53219500,"d":"53,219,500.00"},{"v":53219500,"d":"53,219,500.00"}]

{"sheet":"部门项目支出绩效目标表05-2","index":5,"n_rows":40,"n_cols":10,"rows_kept":40,"merged":[[2,0,2,9],[3,0,3,7],[7,0,32,0],[7,1,32,1],[33,0,36,0],[33,1,36,1],[37,0,39,0],[37,1,39,1]]}
[]
[{"$nulls":9},"预算05-2表"]
[{"$f":"\"2025\"&\"年部门项目支出绩效目标表\"","v":"2025年部门项目支出绩效目标表"}]
[{"$f":"\"单位名称：\"&\"云南省精神病医院\"","v":"单位名称：云南省精神病医院"}]
["项目名称","项目年度绩效目标","一级指标","二级指标","三级指标","指标性质","指标值","度量单位","指标属性","指标内容"]
[1,2,3,4,5,6,7,8,9,10]
["云南省精神病医院"]
["新增资产配置经费","为确保云南省精神病医院工作顺利开展和提升，依据国家部、省、厅有关法律、法规、标准、规范等要求，结合医院总体发展战略，省、市级重点专科和医院临床科室申报医疗设备预算内采购工作，从临床医疗设备投入、科研建设、信息化建设、基础设施保障等多方面着手，促进医院的科研教学、临床诊疗工作、信息化水平的提升，满足患者的日常诊疗需求，促进学科建设，为医院的科研、教学、服务能力的全面提升做好准备，从而服务社会，提高社会效益及医院的经济效益。\n2025年主要目标：\n1.完成智慧医院建设项目采购及合同签订。\n2.进行中心机房建设项目建设，为医院信息化建设提供基础环境支撑。\n3.进行昆明医科大学附属精神卫生中心多媒体教室建设项目建设，提高教学与培训质量。\n4.进行昆医附属精神卫生中心教学设施（2、5楼）升级项目建设，完善教学及研究条件，增强学科竞争力。\n5.完成病区播放系统购置。\n6.开展临床技能中心系统升级，加强医护人员专业技能培训，提升医疗服务水平。\n7.完成电脑、各类型打印机、一体机等办公设备的购置，以满足日益增长的工作需求。\n8.2025年内完成医疗设备预算内购置，投入临床使用，为我院临床医生提供准确的诊断依据，提高我院的诊疗能力。\n9.医疗设备购置完成投入使用，满足医患日常对医疗设备的使用需求，满足医院学科建设和高质量发展的要求。\n","产出指标","数量指标","2025年完成33台（件）及以上医疗设备的采购",">=","33","台（套）","定量指标","2025年内完成预算内医疗设备采购，且投入临床科室使用使用，产生经济和社会效益。"]
["新增资产配置经费","为确保云南省精神病医院工作顺利开展和提升，依据国家部、省、厅有关法律、法规、标准、规范等要求，结合医院总体发展战略，省、市级重点专科和医院临床科室申报医疗设备预算内采购工作，从临床医疗设备投入、科研建设、信息化建设、基础设施保障等多方面着手，促进医院的科研教学、临床诊疗工作、信息化水平的提升，满足患者的日常诊疗需求，促进学科建设，为医院的科研、教学、服务能力的全面提升做好准备，从而服务社会，提高社会效益及医院的经济效益。\n2025年主要目标：\n1.完成智慧医院建设项目采购及合同签订。\n2.进行中心机房建设项目建设，为医院信息化建设提供基础环境支撑。\n3.进行昆明医科大学附属精神卫生中心多媒体教室建设项目建设，提高教学与培训质量。\n4.进行昆医附属精神卫生中心教学设施（2、5楼）升级项目建设，完善教学及研究条件，增强学科竞争力。\n5.完成病区播放系统购置。\n6.开展临床技能中心系统升级，加强医护人员专业技能培训，提升医疗服务水平。\n7.完成电脑、各类型打印机、一体机等办公设备的购置，以满足日益增长的工作需求。\n8.2025年内完成医疗设备预算内购置，投入临床使用，为我院临床医生提供准确的诊断依据，提高我院的诊疗能力。\n9.医疗设备购置完成投入使用，满足医患日常对医疗设备的使用需求，满足医院学科建设和高质量发展的要求。\n","产出指标","数量指标","台式电脑","=","110","台","定量指标","台式电脑的采购完成数量"]
["新增资产配置经费","为确保云南省精神病医院工作顺利开展和提升，依据国家部、省、厅有关法律、法规、标准、规范等要求，结合医院总体发展战略，省、市级重点专科和医院临床科室申报医疗设备预算内采购工作，从临床医疗设备投入、科研建设、信息化建设、基础设施保障等多方面着手，促进医院的科研教学、临床诊疗工作、信息化水平的提升，满足患者的日常诊疗需求，促进学科建设，为医院的科研、教学、服务能力的全面提升做好准备，从而服务社会，提高社会效益及医院的经济效益。\n2025年主要目标：\n1.完成智慧医院建设项目采购及合同签订。\n2.进行中心机房建设项目建设，为医院信息化建设提供基础环境支撑。\n3.进行昆明医科大学附属精神卫生中心多媒体教室建设项目建设，提高教学与培训质量。\n4.进行昆医附属精神卫生中心教学设施（2、5楼）升级项目建设，完善教学及研究条件，增强学科竞争力。\n5.完成病区播放系统购置。\n6.开展临床技能中心系统升级，加强医护人员专业技能培训，提升医疗服务水平。\n7.完成电脑、各类型打印机、一体机等办公设备的购置，以满足日益增长的工作需求。\n8.2025年内完成医疗设备预算内购置，投入临床使用，为我院临床医生提供准确的诊断依据，提高我院的诊疗能力。\n9.医疗设备购置完成投入使用，满足医患日常对医疗设备的使用需求，满足医院学科建设和高质量发展的要求。\n","产出指标","数量指标","激光打印机","=","47","台","定量指标","激光打印机的采购完成数量"]
["新增资产配置经费","为确保云南省精神病医院工作顺利开展和提升，依据国家部、省、厅有关法律、法规、标准、规范等要求，结合医院总体发展战略，省、市级重点专科和医院临床科室申报医疗设备预算内采购工作，从临床医疗设备投入、科研建设、信息化建设、基础设施保障等多方面着手，促进医院的科研教学、临床诊疗工作、信息化水平的提升，满足患者的日常诊疗需求，促进学科建设，为医院的科研、教学、服务能力的全面提升做好准备，从而服务社会，提高社会效益及医院的经济效益。\n2025年主要目标：\n1.完成智慧医院建设项目采购及合同签订。\n2.进行中心机房建设项目建设，为医院信息化建设提供基础环境支撑。\n3.进行昆明医科大学附属精神卫生中心多媒体教室建设项目建设，提高教学与培训质量。\n4.进行昆医附属精神卫生中心教学设施（2、5楼）升级项目建设，完善教学及研究条件，增强学科竞争力。\n5.完成病区播放系统购置。\n6.开展临床技能中心系统升级，加强医护人员专业技能培训，提升医疗服务水平。\n7.完成电脑、各类型打印机、一体机等办公设备的购置，以满足日益增长的工作需求。\n8.2025年内完成医疗设备预算内购置，投入临床使用，为我院临床医生提供准确的诊断依据，提高我院的诊疗能力。\n9.医疗设备购置完成投入使用，满足医患日常对医疗设备的使用需求，满足医院学科建设和高质量发展的要求。\n","产出指标","数量指标","喷墨打印机","=","2","台","定量指标","在2025年完成2台喷墨打印机采购"]
["新增资产配置经费","为确保云南省精神病医院工作顺利开展和提升，依据国家部、省、厅有关法律、法规、标准、规范等要求，结合医院总体发展战略，省、市级重点专科和医院临床科室申报医疗设备预算内采购工作，从临床医疗设备投入、科研建设、信息化建设、基础设施保障等多方面着手，促进医院的科研教学、临床诊疗工作、信息化水平的提升，满足患者的日常诊疗需求，促进学科建设，为医院的科研、教学、服务能力的全面提升做好准备，从而服务社会，提高社会效益及医院的经济效益。\n2025年主要目标：\n1.完成智慧医院建设项目采购及合同签订。\n2.进行中心机房建设项目建设，为医院信息化建设提供基础环境支撑。\n3.进行昆明医科大学附属精神卫生中心多媒体教室建设项目建设，提高教学与培训质量。\n4.进行昆医附属精神卫生中心教学设施（2、5楼）升级项目建设，完善教学及研究条件，增强学科竞争力。\n5.完成病区播放系统购置。\n6.开展临床技能中心系统升级，加强医护人员专业技能培训，提升医疗服务水平。\n7.完成电脑、各类型打印机、一体机等办公设备的购置，以满足日益增长的工作需求。\n8.2025年内完成医疗设备预算内购置，投入临床使用，为我院临床医生提供准确的诊断依据，提高我院的诊疗能力。\n9.医疗设备购置完成投入使用，满足医患日常对医疗设备的使用需求，满足医院学科建设和高质量发展的要求。\n","产出指标","数量指标","条码打印机","=","3","台","定量指标","条码打印机的采购完成数量"]
["新增资产配置经费","为确保云南省精神病医院工作顺利开展和提升，依据国家部、省、厅有关法律、法规、标准、规范等要求，结合医院总体发展战略，省、市级重点专科和医院临床科室申报医疗设备预算内采购工作，从临床医疗设备投入、科研建设、信息化建设、基础设施保障等多方面着手，促进医院的科研教学、临床诊疗工作、信息化水平的提升，满足患者的日常诊疗需求，促进学科建设，为医院的科研、教学、服务能力的全面提升做好准备，从而服务社会，提高社会效益及医院的经济效益。\n2025年主要目标：\n1.完成智慧医院建设项目采购及合同签订。\n2.进行中心机房建设项目建设，为医院信息化建设提供基础环境支撑。\n3.进行昆明医科大学附属精神卫生中心多媒体教室建设项目建设，提高教学与培训质量。\n4.进行昆医附属精神卫生中心教学设施（2、5楼）升级项目建设，完善教学及研究条件，增强学科竞争力。\n5.完成病区播放系统购置。\n6.开展临床技能中心系统升级，加强医护人员专业技能培训，提升医疗服务水平。\n7.完成电脑、各类型打印机、一体机等办公设备的购置，以满足日益增长的工作需求。\n8.2025年内完成医疗设备预算内购置，投入临床使用，为我院临床医生提供准确的诊断依据，提高我院的诊疗能力。\n9.医疗设备购置完成投入使用，满足医患日常对医疗设备的使用需求，满足医院学科建设和高质量发展的要求。\n","产出指标","数量指标","中心机房建设项目","=","90","%","定量指标","完成中心机房建设项目采购及合同签订"]
["新增资产配置经费","为确保云南省精神病医院工作顺利开展和提升，依据国家部、省、厅有关法律、法规、标准、规范等要求，结合医院总体发展战略，省、市级重点专科和医院临床科室申报医疗设备预算内采购工作，从临床医疗设备投入、科研建设、信息化建设、基础设施保障等多方面着手，促进医院的科研教学、临床诊疗工作、信息化水平的提升，满足患者的日常诊疗需求，促进学科建设，为医院的科研、教学、服务能力的全面提升做好准备，从而服务社会，提高社会效益及医院的经济效益。\n2025年主要目标：\n1.完成智慧医院建设项目采购及合同签订。\n2.进行中心机房建设项目建设，为医院信息化建设提供基础环境支撑。\n3.进行昆明医科大学附属精神卫生中心多媒体教室建设项目建设，提高教学与培训质量。\n4.进行昆医附属精神卫生中心教学设施（2、5楼）升级项目建设，完善教学及研究条件，增强学科竞争力。\n5.完成病区播放系统购置。\n6.开展临床技能中心系统升级，加强医护人员专业技能培训，提升医疗服务水平。\n7.完成电脑、各类型打印机、一体机等办公设备的购置，以满足日益增长的工作需求。\n8.2025年内完成医疗设备预算内购置，投入临床使用，为我院临床医生提供准确的诊断依据，提高我院的诊疗能力。\n9.医疗设备购置完成投入使用，满足医患日常对医疗设备的使用需求，满足医院学科建设和高质量发展的要求。\n","产出指标","数量指标","昆明医科大学附属精神卫生中心多媒体教室建设项目","=","1.00","套","定量指标","完成昆明医科大学附属精神卫生中心多媒体教室建设项目采购及合同签订"]
["新增资产配置经费","为确保云南省精神病医院工作顺利开展和提升，依据国家部、省、厅有关法律、法规、标准、规范等要求，结合医院总体发展战略，省、市级重点专科和医院临床科室申报医疗设备预算内采购工作，从临床医疗设备投入、科研建设、信息化建设、基础设施保障等多方面着手，促进医院的科研教学、临床诊疗工作、信息化水平的提升，满足患者的日常诊疗需求，促进学科建设，为医院的科研、教学、服务能力的全面提升做好准备，从而服务社会，提高社会效益及医院的经济效益。\n2025年主要目标：\n1.完成智慧医院建设项目采购及合同签订。\n2.进行中心机房建设项目建设，为医院信息化建设提供基础环境支撑。\n3.进行昆明医科大学附属精神卫生中心多媒体教室建设项目建设，提高教学与培训质量。\n4.进行昆医附属精神卫生中心教学设施（2、5楼）升级项目建设，完善教学及研究条件，增强学科竞争力。\n5.完成病区播放系统购置。\n6.开展临床技能中心系统升级，加强医护人员专业技能培训，提升医疗服务水平。\n7.完成电脑、各类型打印机、一体机等办公设备的购置，以满足日益增长的工作需求。\n8.2025年内完成医疗设备预算内购置，投入临床使用，为我院临床医生提供准确的诊断依据，提高我院的诊疗能力。\n9.医疗设备购置完成投入使用，满足医患日常对医疗设备的使用需求，满足医院学科建设和高质量发展的要求。\n","产出指标","数量指标","昆医附属精神卫生中心教学设施（2、5楼）升级项目","=","1.00","套","定量指标","完成昆医附属精神卫生中心教学设施（2、5楼）升级项目采购及合同签订"]
["新增资产配置经费","为确保云南省精神病医院工作顺利开展和提升，依据国家部、省、厅有关法律、法规、标准、规范等要求，结合医院总体发展战略，省、市级重点专科和医院临床科室申报医疗设备预算内采购工作，从临床医疗设备投入、科研建设、信息化建设、基础设施保障等多方面着手，促进医院的科研教学、临床诊疗工作、信息化水平的提升，满足患者的日常诊疗需求，促进学科建设，为医院的科研、教学、服务能力的全面提升做好准备，从而服务社会，提高社会效益及医院的经济效益。\n2025年主要目标：\n1.完成智慧医院建设项目采购及合同签订。\n2.进行中心机房建设项目建设，为医院信息化建设提供基础环境支撑。\n3.进行昆明医科大学附属精神卫生中心多媒体教室建设项目建设，提高教学与培训质量。\n4.进行昆医附属精神卫生中心教学设施（2、5楼）升级项目建设，完善教学及研究条件，增强学科竞争力。\n5.完成病区播放系统购置。\n6.开展临床技能中心系统升级，加强医护人员专业技能培训，提升医疗服务水平。\n7.完成电脑、各类型打印机、一体机等办公设备的购置，以满足日益增长的工作需求。\n8.2025年内完成医疗设备预算内购置，投入临床使用，为我院临床医生提供准确的诊断依据，提高我院的诊疗能力。\n9.医疗设备购置完成投入使用，满足医患日常对医疗设备的使用需求，满足医院学科建设和高质量发展的要求。\n","产出指标","数量指标","病区播放系统","=","3","套","定量指标","病区播放系统的采购完成数量\n"]
["新增资产配置经费","为确保云南省精神病医院工作顺利开展和提升，依据国家部、省、厅有关法律、法规、标准、规范等要求，结合医院总体发展战略，省、市级重点专科和医院临床科室申报医疗设备预算内采购工作，从临床医疗设备投入、科研建设、信息化建设、基础设施保障等多方面着手，促进医院的科研教学、临床诊疗工作、信息化水平的提升，满足患者的日常诊疗需求，促进学科建设，为医院的科研、教学、服务能力的全面提升做好准备，从而服务社会，提高社会效益及医院的经济效益。\n2025年主要目标：\n1.完成智慧医院建设项目采购及合同签订。\n2.进行中心机房建设项目建设，为医院信息化建设提供基础环境支撑。\n3.进行昆明医科大学附属精神卫生中心多媒体教室建设项目建设，提高教学与培训质量。\n4.进行昆医附属精神卫生中心教学设施（2、5楼）升级项目建设，完善教学及研究条件，增强学科竞争力。\n5.完成病区播放系统购置。\n6.开展临床技能中心系统升级，加强医护人员专业技能培训，提升医疗服务水平。\n7.完成电脑、各类型打印机、一体机等办公设备的购置，以满足日益增长的工作需求。\n8.2025年内完成医疗设备预算内购置，投入临床使用，为我院临床医生提供准确的诊断依据，提高我院的诊疗能力。\n9.医疗设备购置完成投入使用，满足医患日常对医疗设备的使用需求，满足医院学科建设和高质量发展的要求。\n","产出指标","数量指标","笔记本电脑","=","7","台","定量指标","笔记本电脑的采购完成数量\n"]
["新增资产配置经费","为确保云南省精神病医院工作顺利开展和提升，依据国家部、省、厅有关法律、法规、标准、规范等要求，结合医院总体发展战略，省、市级重点专科和医院临床科室申报医疗设备预算内采购工作，从临床医疗设备投入、科研建设、信息化建设、基础设施保障等多方面着手，促进医院的科研教学、临床诊疗工作、信息化水平的提升，满足患者的日常诊疗需求，促进学科建设，为医院的科研、教学、服务能力的全面提升做好准备，从而服务社会，提高社会效益及医院的经济效益。\n2025年主要目标：\n1.完成智慧医院建设项目采购及合同签订。\n2.进行中心机房建设项目建设，为医院信息化建设提供基础环境支撑。\n3.进行昆明医科大学附属精神卫生中心多媒体教室建设项目建设，提高教学与培训质量。\n4.进行昆医附属精神卫生中心教学设施（2、5楼）升级项目建设，完善教学及研究条件，增强学科竞争力。\n5.完成病区播放系统购置。\n6.开展临床技能中心系统升级，加强医护人员专业技能培训，提升医疗服务水平。\n7.完成电脑、各类型打印机、一体机等办公设备的购置，以满足日益增长的工作需求。\n8.2025年内完成医疗设备预算内购置，投入临床使用，为我院临床医生提供准确的诊断依据，提高我院的诊疗能力。\n9.医疗设备购置完成投入使用，满足医患日常对医疗设备的使用需求，满足医院学科建设和高质量发展的要求。\n","产出指标","数量指标","复印机（黑白）","=","1.00","台","定量指标","复印机（黑白）的采购完成数量"]
["新增资产配置经费","为确保云南省精神病医院工作顺利开展和提升，依据国家部、省、厅有关法律、法规、标准、规范等要求，结合医院总体发展战略，省、市级重点专科和医院临床科室申报医疗设备预算内采购工作，从临床医疗设备投入、科研建设、信息化建设、基础设施保障等多方面着手，促进医院的科研教学、临床诊疗工作、信息化水平的提升，满足患者的日常诊疗需求，促进学科建设，为医院的科研、教学、服务能力的全面提升做好准备，从而服务社会，提高社会效益及医院的经济效益。\n2025年主要目标：\n1.完成智慧医院建设项目采购及合同签订。\n2.进行中心机房建设项目建设，为医院信息化建设提供基础环境支撑。\n3.进行昆明医科大学附属精神卫生中心多媒体教室建设项目建设，提高教学与培训质量。\n4.进行昆医附属精神卫生中心教学设施（2、5楼）升级项目建设，完善教学及研究条件，增强学科竞争力。\n5.完成病区播放系统购置。\n6.开展临床技能中心系统升级，加强医护人员专业技能培训，提升医疗服务水平。\n7.完成电脑、各类型打印机、一体机等办公设备的购置，以满足日益增长的工作需求。\n8.2025年内完成医疗设备预算内购置，投入临床使用，为我院临床医生提供准确的诊断依据，提高我院的诊疗能力。\n9.医疗设备购置完成投入使用，满足医患日常对医疗设备的使用需求，满足医院学科建设和高质量发展的要求。\n","产出指标","数量指标","多媒体教学一体机","=","4","台","定量指标","多媒体教学一体机的采购完成数量"]
["新增资产配置经费","为确保云南省精神病医院工作顺利开展和提升，依据国家部、省、厅有关法律、法规、标准、规范等要求，结合医院总体发展战略，省、市级重点专科和医院临床科室申报医疗设备预算内采购工作，从临床医疗设备投入、科研建设、信息化建设、基础设施保障等多方面着手，促进医院的科研教学、临床诊疗工作、信息化水平的提升，满足患者的日常诊疗需求，促进学科建设，为医院的科研、教学、服务能力的全面提升做好准备，从而服务社会，提高社会效益及医院的经济效益。\n2025年主要目标：\n1.完成智慧医院建设项目采购及合同签订。\n2.进行中心机房建设项目建设，为医院信息化建设提供基础环境支撑。\n3.进行昆明医科大学附属精神卫生中心多媒体教室建设项目建设，提高教学与培训质量。\n4.进行昆医附属精神卫生中心教学设施（2、5楼）升级项目建设，完善教学及研究条件，增强学科竞争力。\n5.完成病区播放系统购置。\n6.开展临床技能中心系统升级，加强医护人员专业技能培训，提升医疗服务水平。\n7.完成电脑、各类型打印机、一体机等办公设备的购置，以满足日益增长的工作需求。\n8.2025年内完成医疗设备预算内购置，投入临床使用，为我院临床医生提供准确的诊断依据，提高我院的诊疗能力。\n9.医疗设备购置完成投入使用，满足医患日常对医疗设备的使用需求，满足医院学科建设和高质量发展的要求。\n","产出指标","数量指标","打印复印一体机","=","4","台","定量指标","打印复印一体机的采购完成数量"]
["新增资产配置经费","为确保云南省精神病医院工作顺利开展和提升，依据国家部、省、厅有关法律、法规、标准、规范等要求，结合医院总体发展战略，省、市级重点专科和医院临床科室申报医疗设备预算内采购工作，从临床医疗设备投入、科研建设、信息化建设、基础设施保障等多方面着手，促进医院的科研教学、临床诊疗工作、信息化水平的提升，满足患者的日常诊疗需求，促进学科建设，为医院的科研、教学、服务能力的全面提升做好准备，从而服务社会，提高社会效益及医院的经济效益。\n2025年主要目标：\n1.完成智慧医院建设项目采购及合同签订。\n2.进行中心机房建设项目建设，为医院信息化建设提供基础环境支撑。\n3.进行昆明医科大学附属精神卫生中心多媒体教室建设项目建设，提高教学与培训质量。\n4.进行昆医附属精神卫生中心教学设施（2、5楼）升级项目建设，完善教学及研究条件，增强学科竞争力。\n5.完成病区播放系统购置。\n6.开展临床技能中心系统升级，加强医护人员专业技能培训，提升医疗服务水平。\n7.完成电脑、各类型打印机、一体机等办公设备的购置，以满足日益增长的工作需求。\n8.2025年内完成医疗设备预算内购置，投入临床使用，为我院临床医生提供准确的诊断依据，提高我院的诊疗能力。\n9.医疗设备购置完成投入使用，满足医患日常对医疗设备的使用需求，满足医院学科建设和高质量发展的要求。\n","产出指标","数量指标","打复印一体机","=","1.00","台","定量指标","打复印一体机的采购完成数量"]
["新增资产配置经费","为确保云南省精神病医院工作顺利开展和提升，依据国家部、省、厅有关法律、法规、标准、规范等要求，结合医院总体发展战略，省、市级重点专科和医院临床科室申报医疗设备预算内采购工作，从临床医疗设备投入、科研建设、信息化建设、基础设施保障等多方面着手，促进医院的科研教学、临床诊疗工作、信息化水平的提升，满足患者的日常诊疗需求，促进学科建设，为医院的科研、教学、服务能力的全面提升做好准备，从而服务社会，提高社会效益及医院的经济效益。\n2025年主要目标：\n1.完成智慧医院建设项目采购及合同签订。\n2.进行中心机房建设项目建设，为医院信息化建设提供基础环境支撑。\n3.进行昆明医科大学附属精神卫生中心多媒体教室建设项目建设，提高教学与培训质量。\n4.进行昆医附属精神卫生中心教学设施（2、5楼）升级项目建设，完善教学及研究条件，增强学科竞争力。\n5.完成病区播放系统购置。\n6.开展临床技能中心系统升级，加强医护人员专业技能培训，提升医疗服务水平。\n7.完成电脑、各类型打印机、一体机等办公设备的购置，以满足日益增长的工作需求。\n8.2025年内完成医疗设备预算内购置，投入临床使用，为我院临床医生提供准确的诊断依据，提高我院的诊疗能力。\n9.医疗设备购置完成投入使用，满足医患日常对医疗设备的使用需求，满足医院学科建设和高质量发展的要求。\n","产出指标","数量指标","扫描枪","=","3","台","定量指标","扫描枪的采购完成数量"]
["新增资产配置经费","为确保云南省精神病医院工作顺利开展和提升，依据国家部、省、厅有关法律、法规、标准、规范等要求，结合医院总体发展战略，省、市级重点专科和医院临床科室申报医疗设备预算内采购工作，从临床医疗设备投入、科研建设、信息化建设、基础设施保障等多方面着手，促进医院的科研教学、临床诊疗工作、信息化水平的提升，满足患者的日常诊疗需求，促进学科建设，为医院的科研、教学、服务能力的全面提升做好准备，从而服务社会，提高社会效益及医院的经济效益。\n2025年主要目标：\n1.完成智慧医院建设项目采购及合同签订。\n2.进行中心机房建设项目建设，为医院信息化建设提供基础环境支撑。\n3.进行昆明医科大学附属精神卫生中心多媒体教室建设项目建设，提高教学与培训质量。\n4.进行昆医附属精神卫生中心教学设施（2、5楼）升级项目建设，完善教学及研究条件，增强学科竞争力。\n5.完成病区播放系统购置。\n6.开展临床技能中心系统升级，加强医护人员专业技能培训，提升医疗服务水平。\n7.完成电脑、各类型打印机、一体机等办公设备的购置，以满足日益增长的工作需求。\n8.2025年内完成医疗设备预算内购置，投入临床使用，为我院临床医生提供准确的诊断依据，提高我院的诊疗能力。\n9.医疗设备购置完成投入使用，满足医患日常对医疗设备的使用需求，满足医院学科建设和高质量发展的要求。\n","产出指标","数量指标","移动硬盘","=","2","个","定量指标","移动硬盘的采购完成数量"]
["新增资产配置经费","为确保云南省精神病医院工作顺利开展和提升，依据国家部、省、厅有关法律、法规、标准、规范等要求，结合医院总体发展战略，省、市级重点专科和医院临床科室申报医疗设备预算内采购工作，从临床医疗设备投入、科研建设、信息化建设、基础设施保障等多方面着手，促进医院的科研教学、临床诊疗工作、信息化水平的提升，满足患者的日常诊疗需求，促进学科建设，为医院的科研、教学、服务能力的全面提升做好准备，从而服务社会，提高社会效益及医院的经济效益。\n2025年主要目标：\n1.完成智慧医院建设项目采购及合同签订。\n2.进行中心机房建设项目建设，为医院信息化建设提供基础环境支撑。\n3.进行昆明医科大学附属精神卫生中心多媒体教室建设项目建设，提高教学与培训质量。\n4.进行昆医附属精神卫生中心教学设施（2、5楼）升级项目建设，完善教学及研究条件，增强学科竞争力。\n5.完成病区播放系统购置。\n6.开展临床技能中心系统升级，加强医护人员专业技能培训，提升医疗服务水平。\n7.完成电脑、各类型打印机、一体机等办公设备的购置，以满足日益增长的工作需求。\n8.2025年内完成医疗设备预算内购置，投入临床使用，为我院临床医生提供准确的诊断依据，提高我院的诊疗能力。\n9.医疗设备购置完成投入使用，满足医患日常对医疗设备的使用需求，满足医院学科建设和高质量发展的要求。\n","产出指标","数量指标","智慧医院建设项目","=","1.00","套","定量指标","完成智慧医院建设项目的采购及合同签订"]
["新增资产配置经费","为确保云南省精神病医院工作顺利开展和提升，依据国家部、省、厅有关法律、法规、标准、规范等要求，结合医院总体发展战略，省、市级重点专科和医院临床科室申报医疗设备预算内采购工作，从临床医疗设备投入、科研建设、信息化建设、基础设施保障等多方面着手，促进医院的科研教学、临床诊疗工作、信息化水平的提升，满足患者的日常诊疗需求，促进学科建设，为医院的科研、教学、服务能力的全面提升做好准备，从而服务社会，提高社会效益及医院的经济效益。\n2025年主要目标：\n1.完成智慧医院建设项目采购及合同签订。\n2.进行中心机房建设项目建设，为医院信息化建设提供基础环境支撑。\n3.进行昆明医科大学附属精神卫生中心多媒体教室建设项目建设，提高教学与培训质量。\n4.进行昆医附属精神卫生中心教学设施（2、5楼）升级项目建设，完善教学及研究条件，增强学科竞争力。\n5.完成病区播放系统购置。\n6.开展临床技能中心系统升级，加强医护人员专业技能培训，提升医疗服务水平。\n7.完成电脑、各类型打印机、一体机等办公设备的购置，以满足日益增长的工作需求。\n8.2025年内完成医疗设备预算内购置，投入临床使用，为我院临床医生提供准确的诊断依据，提高我院的诊疗能力。\n9.医疗设备购置完成投入使用，满足医患日常对医疗设备的使用需求，满足医院学科建设和高质量发展的要求。\n","产出指标","数量指标","临床技能中心系统升级","=","1.00","套","定量指标","完成临床技能中心系统升级项目的采购及合同签订"]
["新增资产配置经费","为确保云南省精神病医院工作顺利开展和提升，依据国家部、省、厅有关法律、法规、标准、规范等要求，结合医院总体发展战略，省、市级重点专科和医院临床科室申报医疗设备预算内采购工作，从临床医疗设备投入、科研建设、信息化建设、基础设施保障等多方面着手，促进医院的科研教学、临床诊疗工作、信息化水平的提升，满足患者的日常诊疗需求，促进学科建设，为医院的科研、教学、服务能力的全面提升做好准备，从而服务社会，提高社会效益及医院的经济效益。\n2025年主要目标：\n1.完成智慧医院建设项目采购及合同签订。\n2.进行中心机房建设项目建设，为医院信息化建设提供基础环境支撑。\n3.进行昆明医科大学附属精神卫生中心多媒体教室建设项目建设，提高教学与培训质量。\n4.进行昆医附属精神卫生中心教学设施（2、5楼）升级项目建设，完善教学及研究条件，增强学科竞争力。\n5.完成病区播放系统购置。\n6.开展临床技能中心系统升级，加强医护人员专业技能培训，提升医疗服务水平。\n7.完成电脑、各类型打印机、一体机等办公设备的购置，以满足日益增长的工作需求。\n8.2025年内完成医疗设备预算内购置，投入临床使用，为我院临床医生提供准确的诊断依据，提高我院的诊疗能力。\n9.医疗设备购置完成投入使用，满足医患日常对医疗设备的使用需求，满足医院学科建设和高质量发展的要求。\n","产出指标","质量指标","电脑验收通过率","=","100","%","定量指标","评价电脑验收情况及通过率。"]
["新增资产配置经费","为确保云南省精神病医院工作顺利开展和提升，依据国家部、省、厅有关法律、法规、标准、规范等要求，结合医院总体发展战略，省、市级重点专科和医院临床科室申报医疗设备预算内采购工作，从临床医疗设备投入、科研建设、信息化建设、基础设施保障等多方面着手，促进医院的科研教学、临床诊疗工作、信息化水平的提升，满足患者的日常诊疗需求，促进学科建设，为医院的科研、教学、服务能力的全面提升做好准备，从而服务社会，提高社会效益及医院的经济效益。\n2025年主要目标：\n1.完成智慧医院建设项目采购及合同签订。\n2.进行中心机房建设项目建设，为医院信息化建设提供基础环境支撑。\n3.进行昆明医科大学附属精神卫生中心多媒体教室建设项目建设，提高教学与培训质量。\n4.进行昆医附属精神卫生中心教学设施（2、5楼）升级项目建设，完善教学及研究条件，增强学科竞争力。\n5.完成病区播放系统购置。\n6.开展临床技能中心系统升级，加强医护人员专业技能培训，提升医疗服务水平。\n7.完成电脑、各类型打印机、一体机等办公设备的购置，以满足日益增长的工作需求。\n8.2025年内完成医疗设备预算内购置，投入临床使用，为我院临床医生提供准确的诊断依据，提高我院的诊疗能力。\n9.医疗设备购置完成投入使用，满足医患日常对医疗设备的使用需求，满足医院学科建设和高质量发展的要求。\n","产出指标","质量指标","各型号打印机验收通过率","=","100","%","定量指标","评价各型号打印机验收情况及通过率。"]
["新增资产配置经费","为确保云南省精神病医院工作顺利开展和提升，依据国家部、省、厅有关法律、法规、标准、规范等要求，结合医院总体发展战略，省、市级重点专科和医院临床科室申报医疗设备预算内采购工作，从临床医疗设备投入、科研建设、信息化建设、基础设施保障等多方面着手，促进医院的科研教学、临床诊疗工作、信息化水平的提升，满足患者的日常诊疗需求，促进学科建设，为医院的科研、教学、服务能力的全面提升做好准备，从而服务社会，提高社会效益及医院的经济效益。\n2025年主要目标：\n1.完成智慧医院建设项目采购及合同签订。\n2.进行中心机房建设项目建设，为医院信息化建设提供基础环境支撑。\n3.进行昆明医科大学附属精神卫生中心多媒体教室建设项目建设，提高教学与培训质量。\n4.进行昆医附属精神卫生中心教学设施（2、5楼）升级项目建设，完善教学及研究条件，增强学科竞争力。\n5.完成病区播放系统购置。\n6.开展临床技能中心系统升级，加强医护人员专业技能培训，提升医疗服务水平。\n7.完成电脑、各类型打印机、一体机等办公设备的购置，以满足日益增长的工作需求。\n8.2025年内完成医疗设备预算内购置，投入临床使用，为我院临床医生提供准确的诊断依据，提高我院的诊疗能力。\n9.医疗设备购置完成投入使用，满足医患日常对医疗设备的使用需求，满足医院学科建设和高质量发展的要求。\n","产出指标","质量指标","昆明医科大学附属精神卫生中心多媒体教室建设项目、昆医附属精神卫生中心教学设施（2、5楼）升级项目、病区播放系统建设项目采购完成率",">=","60","%","定量指标","评价昆明医科大学附属精神卫生中心多媒体教室建设项目、昆医附属精神卫生中心教学设施（2、5楼）升级项目、病区播放系统建设项目采购完成率"]
["新增资产配置经费","为确保云南省精神病医院工作顺利开展和提升，依据国家部、省、厅有关法律、法规、标准、规范等要求，结合医院总体发展战略，省、市级重点专科和医院临床科室申报医疗设备预算内采购工作，从临床医疗设备投入、科研建设、信息化建设、基础设施保障等多方面着手，促进医院的科研教学、临床诊疗工作、信息化水平的提升，满足患者的日常诊疗需求，促进学科建设，为医院的科研、教学、服务能力的全面提升做好准备，从而服务社会，提高社会效益及医院的经济效益。\n2025年主要目标：\n1.完成智慧医院建设项目采购及合同签订。\n2.进行中心机房建设项目建设，为医院信息化建设提供基础环境支撑。\n3.进行昆明医科大学附属精神卫生中心多媒体教室建设项目建设，提高教学与培训质量。\n4.进行昆医附属精神卫生中心教学设施（2、5楼）升级项目建设，完善教学及研究条件，增强学科竞争力。\n5.完成病区播放系统购置。\n6.开展临床技能中心系统升级，加强医护人员专业技能培训，提升医疗服务水平。\n7.完成电脑、各类型打印机、一体机等办公设备的购置，以满足日益增长的工作需求。\n8.2025年内完成医疗设备预算内购置，投入临床使用，为我院临床医生提供准确的诊断依据，提高我院的诊疗能力。\n9.医疗设备购置完成投入使用，满足医患日常对医疗设备的使用需求，满足医院学科建设和高质量发展的要求。\n","产出指标","质量指标","中心机房建设项目、智慧医院建设项目、临床技能中心系统升级建设项目采购完成率",">=","60","%","定量指标","中心机房建设项目、智慧医院建设项目、临床技能中心系统升级建设项目采购完成率"]
["新增资产配置经费","为确保云南省精神病医院工作顺利开展和提升，依据国家部、省、厅有关法律、法规、标准、规范等要求，结合医院总体发展战略，省、市级重点专科和医院临床科室申报医疗设备预算内采购工作，从临床医疗设备投入、科研建设、信息化建设、基础设施保障等多方面着手，促进医院的科研教学、临床诊疗工作、信息化水平的提升，满足患者的日常诊疗需求，促进学科建设，为医院的科研、教学、服务能力的全面提升做好准备，从而服务社会，提高社会效益及医院的经济效益。\n2025年主要目标：\n1.完成智慧医院建设项目采购及合同签订。\n2.进行中心机房建设项目建设，为医院信息化建设提供基础环境支撑。\n3.进行昆明医科大学附属精神卫生中心多媒体教室建设项目建设，提高教学与培训质量。\n4.进行昆医附属精神卫生中心教学设施（2、5楼）升级项目建设，完善教学及研究条件，增强学科竞争力。\n5.完成病区播放系统购置。\n6.开展临床技能中心系统升级，加强医护人员专业技能培训，提升医疗服务水平。\n7.完成电脑、各类型打印机、一体机等办公设备的购置，以满足日益增长的工作需求。\n8.2025年内完成医疗设备预算内购置，投入临床使用，为我院临床医生提供准确的诊断依据，提高我院的诊疗能力。\n9.医疗设备购置完成投入使用，满足医患日常对医疗设备的使用需求，满足医院学科建设和高质量发展的要求。\n","效益指标","社会效益","新购置医疗设备投入使用后使用科室和患者满意",">=","80","%","定量指标","科室医务人员和服务的患者对2025年新投入使用的医疗设备感到满意，满足患者的诊疗需求和科室发展的需要，长期使用产生良好的社会效益。"]
["新增资产配置经费","为确保云南省精神病医院工作顺利开展和提升，依据国家部、省、厅有关法律、法规、标准、规范等要求，结合医院总体发展战略，省、市级重点专科和医院临床科室申报医疗设备预算内采购工作，从临床医疗设备投入、科研建设、信息化建设、基础设施保障等多方面着手，促进医院的科研教学、临床诊疗工作、信息化水平的提升，满足患者的日常诊疗需求，促进学科建设，为医院的科研、教学、服务能力的全面提升做好准备，从而服务社会，提高社会效益及医院的经济效益。\n2025年主要目标：\n1.完成智慧医院建设项目采购及合同签订。\n2.进行中心机房建设项目建设，为医院信息化建设提供基础环境支撑。\n3.进行昆明医科大学附属精神卫生中心多媒体教室建设项目建设，提高教学与培训质量。\n4.进行昆医附属精神卫生中心教学设施（2、5楼）升级项目建设，完善教学及研究条件，增强学科竞争力。\n5.完成病区播放系统购置。\n6.开展临床技能中心系统升级，加强医护人员专业技能培训，提升医疗服务水平。\n7.完成电脑、各类型打印机、一体机等办公设备的购置，以满足日益增长的工作需求。\n8.2025年内完成医疗设备预算内购置，投入临床使用，为我院临床医生提供准确的诊断依据，提高我院的诊疗能力。\n9.医疗设备购置完成投入使用，满足医患日常对医疗设备的使用需求，满足医院学科建设和高质量发展的要求。\n","效益指标","社会效益","信息化设备的使用率",">=","80","%","定量指标","信息化设备的使用率大于等于80%以上"]
["新增资产配置经费","为确保云南省精神病医院工作顺利开展和提升，依据国家部、省、厅有关法律、法规、标准、规范等要求，结合医院总体发展战略，省、市级重点专科和医院临床科室申报医疗设备预算内采购工作，从临床医疗设备投入、科研建设、信息化建设、基础设施保障等多方面着手，促进医院的科研教学、临床诊疗工作、信息化水平的提升，满足患者的日常诊疗需求，促进学科建设，为医院的科研、教学、服务能力的全面提升做好准备，从而服务社会，提高社会效益及医院的经济效益。\n2025年主要目标：\n1.完成智慧医院建设项目采购及合同签订。\n2.进行中心机房建设项目建设，为医院信息化建设提供基础环境支撑。\n3.进行昆明医科大学附属精神卫生中心多媒体教室建设项目建设，提高教学与培训质量。\n4.进行昆医附属精神卫生中心教学设施（2、5楼）升级项目建设，完善教学及研究条件，增强学科竞争力。\n5.完成病区播放系统购置。\n6.开展临床技能中心系统升级，加强医护人员专业技能培训，提升医疗服务水平。\n7.完成电脑、各类型打印机、一体机等办公设备的购置，以满足日益增长的工作需求。\n8.2025年内完成医疗设备预算内购置，投入临床使用，为我院临床医生提供准确的诊断依据，提高我院的诊疗能力。\n9.医疗设备购置完成投入使用，满足医患日常对医疗设备的使用需求，满足医院学科建设和高质量发展的要求。\n","满意度指标","服务对象满意度","医务人员和患者的满意度",">=","80","%","定量指标","新医疗设备购置完成投入临床使用，增加科室的诊疗手段，为患者提供新的有效的治疗方式的选择，提升医院的社会影响力，更好的为广大人民群众提供高效优质医疗服务。"]
["新增资产配置经费","为确保云南省精神病医院工作顺利开展和提升，依据国家部、省、厅有关法律、法规、标准、规范等要求，结合医院总体发展战略，省、市级重点专科和医院临床科室申报医疗设备预算内采购工作，从临床医疗设备投入、科研建设、信息化建设、基础设施保障等多方面着手，促进医院的科研教学、临床诊疗工作、信息化水平的提升，满足患者的日常诊疗需求，促进学科建设，为医院的科研、教学、服务能力的全面提升做好准备，从而服务社会，提高社会效益及医院的经济效益。\n2025年主要目标：\n1.完成智慧医院建设项目采购及合同签订。\n2.进行中心机房建设项目建设，为医院信息化建设提供基础环境支撑。\n3.进行昆明医科大学附属精神卫生中心多媒体教室建设项目建设，提高教学与培训质量。\n4.进行昆医附属精神卫生中心教学设施（2、5楼）升级项目建设，完善教学及研究条件，增强学科竞争力。\n5.完成病区播放系统购置。\n6.开展临床技能中心系统升级，加强医护人员专业技能培训，提升医疗服务水平。\n7.完成电脑、各类型打印机、一体机等办公设备的购置，以满足日益增长的工作需求。\n8.2025年内完成医疗设备预算内购置，投入临床使用，为我院临床医生提供准确的诊断依据，提高我院的诊疗能力。\n9.医疗设备购置完成投入使用，满足医患日常对医疗设备的使用需求，满足医院学科建设和高质量发展的要求。\n","满意度指标","服务对象满意度","信息化服务对象满意度",">=","80","%","定量指标","信息化相关设备服务对象满意度大于等于80%"]
["2025年人才科研经费","科研申报数量在上一年基础上稳定增加10-20%，科研成果实现质量及数量提升","产出指标","数量指标","科研立项完成年度目标值",">","80","%","定性指标","科研申报及立项数在上一年度基础上新增10-20%"]
["2025年人才科研经费","科研申报数量在上一年基础上稳定增加10-20%，科研成果实现质量及数量提升","产出指标","质量指标","科研成果质量提高",">","80","%","定性指标","在上一年度基础上提升成果产出质量"]
["2025年人才科研经费","科研申报数量在上一年基础上稳定增加10-20%，科研成果实现质量及数量提升","效益指标","可持续影响","科研总体质量水平及影响力",">","80","%","定性指标","总体科研水平较上一年度提升10-20%"]
["2025年人才科研经费","科研申报数量在上一年基础上稳定增加10-20%，科研成果实现质量及数量提升","满意度指标","服务对象满意度","服务对象满意度",">","85","%","定性指标","提升服务对象满意度10%"]
["2025年因公出国出境经费","科教部2025年预算10万元经费供我院各学术骨干开展各类境外交流合作使用，预算用于鲍天昊等同志因公去香港、加拿大等出国学习交流。","产出指标","质量指标","云南省精神病医院因公出国（境）项目执行","=","根据市外办、省外办审批结果执行","达标","定性指标","云南省精神病医院因公出国（境）项目执行"]
["2025年因公出国出境经费","科教部2025年预算10万元经费供我院各学术骨干开展各类境外交流合作使用，预算用于鲍天昊等同志因公去香港、加拿大等出国学习交流。","效益指标","可持续影响","科研能力提升","=","提升","中长期","定性指标","科研能力提升"]
["2025年因公出国出境经费","科教部2025年预算10万元经费供我院各学术骨干开展各类境外交流合作使用，预算用于鲍天昊等同志因公去香港、加拿大等出国学习交流。","满意度指标","服务对象满意度","外出参培人员满意度",">=","80","%","定量指标","外出参培人员满意度"]

{"sheet":"部门政府性基金预算支出预算表06","index":6,"n_rows":11,"n_cols":6,"rows_kept":11,"merged":[[2,0,2,5],[3,0,3,2],[4,0,5,0],[4,1,5,1],[4,2,5,2],[4,3,4,5],[9,0,9,2]]}
[]
[1,0,1,null,null,"预算06表"]
[{"$f":"\"2025\"&\"年部门政府性基金预算支出预算表\"","v":"2025年部门政府性基金预算支出预算表"},"政府性基金预算支出预算表"]
[{"$f":"\"单位名称：\"&\"云南省精神病医院\"","v":"单位名称：云南省精神病医院"},"单位名称：昆明市发展和改革委员会",{"$nulls":3},"单位：元"]
["单位名称","科目编码","科目名称","政府性基金预算支出"]
[{"$nulls":3},"合计","基本支出","项目支出"]
[1,"2",3,4,5,6]
[]
[]
["合  计","合  计","合  计"]
["备注：此表无数据"]

{"sheet":"部门政府采购预算表07","index":7,"n_rows":139,"n_cols":19,"rows_kept":139,"merged":[[2,0,2,18],[3,0,3,7],[4,0,6,0],[4,1,6,1],[4,2,6,2],[4,3,6,3],[4,4,6,4],[4,5,6,5],[4,6,6,6],[4,7,6,7],[4,8,4,18],[5,8,6,8],[5,9,6,9],[5,10,6,10],[5,11,6,11],[5,12,6,12],[5,13,5,18],[137,0,137,6],[138,0,138,18]]}
[]
[{"$nulls":18},"预算07表"]
[{"$f":"\"2025\"&\"年部门政府采购预算表\"","v":"2025年部门政府采购预算表"}]
[{"$f":"\"单位名称：\"&\"云南省精神病医院\"","v":"单位名称：云南省精神病医院"},{"$nulls":17},"单位：元"]
["主管部门","单位名称","预算项目","采购项目","采购品目","计量\n单位","数量","面向中小企业预留资金","资金来源"]
[{"$nulls":8},"合计","一般公共预算","政府性基金","国有资本经营收益","财政专户管理的收入","单位自筹"]
[{"$nulls":9},"小计",{"$nulls":3},"小计","事业收入","事业单位经营收入","上级补助收入","附属单位上缴收入","其他收入"]
[1,"2",3,4,5,6,7,8,9,10,11,12,13,14,15,16,17,18,19]
["昆明市卫生健康委员会","云南省精神病医院","公车购置及运维费","燃油费","车辆加油、添加燃料服务","元",1,null,{"v":40000,"d":"40,000.00"},{"$nulls":4},{"v":40000,"d":"40,000.00"},{"v":40000,"d":"40,000.00"}]
["昆明市卫生健康委员会","云南省精神病医院","公车购置及运维费","车辆维修费","车辆维修和保养服务","元",1,{"v":60000,"d":"60,000.00"},{"v":60000,"d":"60,000.00"},{"$nulls":4},{"v":60000,"d":"60,000.00"},{"v":60000,"d":"60,000.00"}]
["昆明市卫生健康委员会","云南省精神病医院","公车购置及运维费","车辆保险","机动车保险服务","元",1,null,{"v":20000,"d":"20,000.00"},{"$nulls":4},{"v":20000,"d":"20,000.00"},{"v":20000,"d":"20,000.00"}]
["昆明市卫生健康委员会","云南省精神病医院","一般公用经费","省临床医学中心（测试化验费）","非病人用诊断检验、实验用试剂","元",1,null,{"v":2150000,"d":"2,150,000.00"},{"$nulls":4},{"v":2150000,"d":"2,150,000.00"},{"v":2150000,"d":"2,150,000.00"}]
["昆明市卫生健康委员会","云南省精神病医院","一般公用经费","办公费(复印纸)","复印纸","元",1,null,{"v":100000,"d":"100,000.00"},{"$nulls":4},{"v":100000,"d":"100,000.00"},{"v":100000,"d":"100,000.00"}]
["昆明市卫生健康委员会","云南省精神病医院","一般公用经费","省临床医学中心（测试化验费）","技术测试和分析服务","元",1,null,{"v":1850000,"d":"1,850,000.00"},{"$nulls":4},{"v":1850000,"d":"1,850,000.00"},{"v":1850000,"d":"1,850,000.00"}]
["昆明市卫生健康委员会","云南省精神病医院","一般公用经费","医用气体管理费","其他行业管理服务","元",1,null,{"v":149500,"d":"149,500.00"},{"$nulls":4},{"v":149500,"d":"149,500.00"},{"v":149500,"d":"149,500.00"}]
["昆明市卫生健康委员会","云南省精神病医院","一般公用经费","保安服务费","物业管理服务","元",1,{"v":1600000,"d":"1,600,000.00"},{"v":1600000,"d":"1,600,000.00"},{"$nulls":4},{"v":1600000,"d":"1,600,000.00"},{"v":1600000,"d":"1,600,000.00"}]
["昆明市卫生健康委员会","云南省精神病医院","一般公用经费","保洁费","物业管理服务","元",1,{"v":1400000,"d":"1,400,000.00"},{"v":1400000,"d":"1,400,000.00"},{"$nulls":4},{"v":1400000,"d":"1,400,000.00"},{"v":1400000,"d":"1,400,000.00"}]
["昆明市卫生健康委员会","云南省精神病医院","一般公用经费","其他材料（五金、棉织品、后勤材料）","物资","元",1,null,{"v":550000,"d":"550,000.00"},{"$nulls":4},{"v":550000,"d":"550,000.00"},{"v":550000,"d":"550,000.00"}]
["昆明市卫生健康委员会","云南省精神病医院","一般公用经费","食堂支出","物资","元",1,{"v":7920000,"d":"7,920,000.00"},{"v":7920000,"d":"7,920,000.00"},{"$nulls":4},{"v":7920000,"d":"7,920,000.00"},{"v":7920000,"d":"7,920,000.00"}]
["昆明市卫生健康委员会","云南省精神病医院","一般公用经费","氧气费","物资","元",1,null,{"v":700000,"d":"700,000.00"},{"$nulls":4},{"v":700000,"d":"700,000.00"},{"v":700000,"d":"700,000.00"}]
["昆明市卫生健康委员会","云南省精神病医院","一般公用经费","医用卫生材料","物资","元",1,null,{"v":1000000,"d":"1,000,000.00"},{"$nulls":4},{"v":1000000,"d":"1,000,000.00"},{"v":1000000,"d":"1,000,000.00"}]
["昆明市卫生健康委员会","云南省精神病医院","一般公用经费","专业设备维修费","医疗设备维修和保养服务","元",1,null,{"v":1500000,"d":"1,500,000.00"},{"$nulls":4},{"v":1500000,"d":"1,500,000.00"},{"v":1500000,"d":"1,500,000.00"}]
["昆明市卫生健康委员会","云南省精神病医院","一般公用经费","印刷品费","印刷服务","元",1,{"v":200000,"d":"200,000.00"},{"v":200000,"d":"200,000.00"},{"$nulls":4},{"v":200000,"d":"200,000.00"},{"v":200000,"d":"200,000.00"}]
["昆明市卫生健康委员会","云南省精神病医院","一般公用经费","化验材料（试剂）","诊断用生物试剂盒","元",1,null,{"v":5500000,"d":"5,500,000.00"},{"$nulls":4},{"v":5500000,"d":"5,500,000.00"},{"v":5500000,"d":"5,500,000.00"}]
["昆明市卫生健康委员会","云南省精神病医院","一般公用经费","房屋修缮费用(1号楼病房升级改造）","装修工程","元",1,{"v":3000000,"d":"3,000,000.00"},{"v":3000000,"d":"3,000,000.00"},{"$nulls":4},{"v":3000000,"d":"3,000,000.00"},{"v":3000000,"d":"3,000,000.00"}]
["昆明市卫生健康委员会","云南省精神病医院","一般公用经费","房屋修缮费用(2号楼病房升级改造）","装修工程","元",1,{"v":1600000,"d":"1,600,000.00"},{"v":1600000,"d":"1,600,000.00"},{"$nulls":4},{"v":1600000,"d":"1,600,000.00"},{"v":1600000,"d":"1,600,000.00"}]
["昆明市卫生健康委员会","云南省精神病医院","一般公用经费","房屋修缮费用(5号楼改造）","装修工程","元",1,{"v":2300000,"d":"2,300,000.00"},{"v":2300000,"d":"2,300,000.00"},{"$nulls":4},{"v":2300000,"d":"2,300,000.00"},{"v":2300000,"d":"2,300,000.00"}]
["昆明市卫生健康委员会","云南省精神病医院","一般公用经费","房屋修缮费用(医院科室房屋维修）","装修工程","元",1,{"v":2000000,"d":"2,000,000.00"},{"v":2000000,"d":"2,000,000.00"},{"$nulls":4},{"v":2000000,"d":"2,000,000.00"},{"v":2000000,"d":"2,000,000.00"}]
["昆明市卫生健康委员会","云南省精神病医院","新增资产配置经费","笔记本电脑","便携式计算机","台",7,null,{"v":49000,"d":"49,000.00"},{"$nulls":4},{"v":49000,"d":"49,000.00"},{"v":49000,"d":"49,000.00"}]
["昆明市卫生健康委员会","云南省精神病医院","新增资产配置经费","多媒体教学一体机","触控一体机","台",4,null,{"v":48000,"d":"48,000.00"},{"$nulls":4},{"v":48000,"d":"48,000.00"},{"v":48000,"d":"48,000.00"}]
["昆明市卫生健康委员会","云南省精神病医院","新增资产配置经费","高低床","床类","张",2,{"v":3000,"d":"3,000.00"},{"v":3000,"d":"3,000.00"},{"$nulls":4},{"v":3000,"d":"3,000.00"},{"v":3000,"d":"3,000.00"}]
["昆明市卫生健康委员会","云南省精神病医院","新增资产配置经费","平行床","床类","张",15,{"v":22500,"d":"22,500.00"},{"v":22500,"d":"22,500.00"},{"$nulls":4},{"v":22500,"d":"22,500.00"},{"v":22500,"d":"22,500.00"}]
["昆明市卫生健康委员会","云南省精神病医院","新增资产配置经费","激光打印机","打印机","台",47,null,{"v":56400,"d":"56,400.00"},{"$nulls":4},{"v":56400,"d":"56,400.00"},{"v":56400,"d":"56,400.00"}]
["昆明市卫生健康委员会","云南省精神病医院","新增资产配置经费","喷墨打印机","打印机","台",2,null,{"v":4000,"d":"4,000.00"},{"$nulls":4},{"v":4000,"d":"4,000.00"},{"v":4000,"d":"4,000.00"}]
["昆明市卫生健康委员会","云南省精神病医院","新增资产配置经费","电梯","电梯","部",7,null,{"v":2100000,"d":"2,100,000.00"},{"$nulls":4},{"v":2100000,"d":"2,100,000.00"},{"v":2100000,"d":"2,100,000.00"}]
["昆明市卫生健康委员会","云南省精神病医院","新增资产配置经费","外挂电梯","电梯","部",1,null,{"v":500000,"d":"500,000.00"},{"$nulls":4},{"v":500000,"d":"500,000.00"},{"v":500000,"d":"500,000.00"}]
["昆明市卫生健康委员会","云南省精神病医院","新增资产配置经费","打复印一体机","多功能一体机","台",1,null,{"v":2800,"d":"2,800.00"},{"$nulls":4},{"v":2800,"d":"2,800.00"},{"v":2800,"d":"2,800.00"}]
["昆明市卫生健康委员会","云南省精神病医院","新增资产配置经费","打印复印一体机","多功能一体机","台",4,null,{"v":10000,"d":"10,000.00"},{"$nulls":4},{"v":10000,"d":"10,000.00"},{"v":10000,"d":"10,000.00"}]
["昆明市卫生健康委员会","云南省精神病医院","新增资产配置经费","中心机房建设项目","服务器","项目",1,null,{"v":4000000,"d":"4,000,000.00"},{"$nulls":4},{"v":4000000,"d":"4,000,000.00"},{"v":4000000,"d":"4,000,000.00"}]
["昆明市卫生健康委员会","云南省精神病医院","新增资产配置经费","复印机","复印机","台",1,null,{"v":20000,"d":"20,000.00"},{"$nulls":4},{"v":20000,"d":"20,000.00"},{"v":20000,"d":"20,000.00"}]
["昆明市卫生健康委员会","云南省精神病医院","新增资产配置经费","病区播放系统","广播、电视、电影设备","套",3,null,{"v":60000,"d":"60,000.00"},{"$nulls":4},{"v":60000,"d":"60,000.00"},{"v":60000,"d":"60,000.00"}]
["昆明市卫生健康委员会","云南省精神病医院","新增资产配置经费","昆明附属精神卫生中心教学设施（2、5楼）升级项目","广播、电视、电影设备","套",1,null,{"v":60000,"d":"60,000.00"},{"$nulls":4},{"v":60000,"d":"60,000.00"},{"v":60000,"d":"60,000.00"}]
["昆明市卫生健康委员会","云南省精神病医院","新增资产配置经费","昆明医科大学附属精神卫生中心多媒体教室建设项目","广播、电视、电影设备","项",1,null,{"v":199800,"d":"199,800.00"},{"$nulls":4},{"v":199800,"d":"199,800.00"},{"v":199800,"d":"199,800.00"}]
["昆明市卫生健康委员会","云南省精神病医院","新增资产配置经费","PBL圆桌","家具","套",2,{"v":4400,"d":"4,400.00"},{"v":4400,"d":"4,400.00"},{"$nulls":4},{"v":4400,"d":"4,400.00"},{"v":4400,"d":"4,400.00"}]
["昆明市卫生健康委员会","云南省精神病医院","新增资产配置经费","不锈钢西药柜","家具","个",1,{"v":3000,"d":"3,000.00"},{"v":3000,"d":"3,000.00"},{"$nulls":4},{"v":3000,"d":"3,000.00"},{"v":3000,"d":"3,000.00"}]
["昆明市卫生健康委员会","云南省精神病医院","新增资产配置经费","不锈钢桌面二斗桌","家具","张",1,{"v":1800,"d":"1,800.00"},{"v":1800,"d":"1,800.00"},{"$nulls":4},{"v":1800,"d":"1,800.00"},{"v":1800,"d":"1,800.00"}]
["昆明市卫生健康委员会","云南省精神病医院","新增资产配置经费","常温柜","家具","个",1,{"v":1500,"d":"1,500.00"},{"v":1500,"d":"1,500.00"},{"$nulls":4},{"v":1500,"d":"1,500.00"},{"v":1500,"d":"1,500.00"}]
["昆明市卫生健康委员会","云南省精神病医院","新增资产配置经费","储物柜","家具","个",25,{"v":23750,"d":"23,750.00"},{"v":23750,"d":"23,750.00"},{"$nulls":4},{"v":23750,"d":"23,750.00"},{"v":23750,"d":"23,750.00"}]
["昆明市卫生健康委员会","云南省精神病医院","新增资产配置经费","床头柜","家具","个",126,{"v":56700,"d":"56,700.00"},{"v":56700,"d":"56,700.00"},{"$nulls":4},{"v":56700,"d":"56,700.00"},{"v":56700,"d":"56,700.00"}]
["昆明市卫生健康委员会","云南省精神病医院","新增资产配置经费","床头柜","家具","个",24,{"v":12000,"d":"12,000.00"},{"v":12000,"d":"12,000.00"},{"$nulls":4},{"v":12000,"d":"12,000.00"},{"v":12000,"d":"12,000.00"}]
["昆明市卫生健康委员会","云南省精神病医院","新增资产配置经费","床头柜","家具","个",5,{"v":3000,"d":"3,000.00"},{"v":3000,"d":"3,000.00"},{"$nulls":4},{"v":3000,"d":"3,000.00"},{"v":3000,"d":"3,000.00"}]
["昆明市卫生健康委员会","云南省精神病医院","新增资产配置经费","钢架平衡床","家具","张",4,{"v":6000,"d":"6,000.00"},{"v":6000,"d":"6,000.00"},{"$nulls":4},{"v":6000,"d":"6,000.00"},{"v":6000,"d":"6,000.00"}]
["昆明市卫生健康委员会","云南省精神病医院","新增资产配置经费","工作人员储物柜","家具","个",1,{"v":1500,"d":"1,500.00"},{"v":1500,"d":"1,500.00"},{"$nulls":4},{"v":1500,"d":"1,500.00"},{"v":1500,"d":"1,500.00"}]
["昆明市卫生健康委员会","云南省精神病医院","新增资产配置经费","患者作品展示柜","家具","个",2,{"v":17500,"d":"17,500.00"},{"v":17500,"d":"17,500.00"},{"$nulls":4},{"v":17500,"d":"17,500.00"},{"v":17500,"d":"17,500.00"}]
["昆明市卫生健康委员会","云南省精神病医院","新增资产配置经费","会议桌","家具","张",1,{"v":2500,"d":"2,500.00"},{"v":2500,"d":"2,500.00"},{"$nulls":4},{"v":2500,"d":"2,500.00"},{"v":2500,"d":"2,500.00"}]
["昆明市卫生健康委员会","云南省精神病医院","新增资产配置经费","讲台","家具","个",1,{"v":1800,"d":"1,800.00"},{"v":1800,"d":"1,800.00"},{"$nulls":4},{"v":1800,"d":"1,800.00"},{"v":1800,"d":"1,800.00"}]
["昆明市卫生健康委员会","云南省精神病医院","新增资产配置经费","书架","家具","个",8,{"v":32000,"d":"32,000.00"},{"v":32000,"d":"32,000.00"},{"$nulls":4},{"v":32000,"d":"32,000.00"},{"v":32000,"d":"32,000.00"}]
["昆明市卫生健康委员会","云南省精神病医院","新增资产配置经费","双通调料柜","家具","组",1,{"v":3000,"d":"3,000.00"},{"v":3000,"d":"3,000.00"},{"$nulls":4},{"v":3000,"d":"3,000.00"},{"v":3000,"d":"3,000.00"}]
["昆明市卫生健康委员会","云南省精神病医院","新增资产配置经费","条形桌","家具","张",3,{"v":1500,"d":"1,500.00"},{"v":1500,"d":"1,500.00"},{"$nulls":4},{"v":1500,"d":"1,500.00"},{"v":1500,"d":"1,500.00"}]
["昆明市卫生健康委员会","云南省精神病医院","新增资产配置经费","主席台桌椅","家具","套",5,{"v":30000,"d":"30,000.00"},{"v":30000,"d":"30,000.00"},{"$nulls":4},{"v":30000,"d":"30,000.00"},{"v":30000,"d":"30,000.00"}]
["昆明市卫生健康委员会","云南省精神病医院","新增资产配置经费","资料柜","家具","组",1,{"v":1000,"d":"1,000.00"},{"v":1000,"d":"1,000.00"},{"$nulls":4},{"v":1000,"d":"1,000.00"},{"v":1000,"d":"1,000.00"}]
["昆明市卫生健康委员会","云南省精神病医院","新增资产配置经费","兵乓球桌","健身设备","张",2,{"v":5000,"d":"5,000.00"},{"v":5000,"d":"5,000.00"},{"$nulls":4},{"v":5000,"d":"5,000.00"},{"v":5000,"d":"5,000.00"}]
["昆明市卫生健康委员会","云南省精神病医院","新增资产配置经费","彩虹乒乓球桌","健身设备","张",1,null,{"v":12000,"d":"12,000.00"},{"$nulls":4},{"v":12000,"d":"12,000.00"},{"v":12000,"d":"12,000.00"}]
["昆明市卫生健康委员会","云南省精神病医院","新增资产配置经费","壁挂式空调","空调机","台",8,null,{"v":28000,"d":"28,000.00"},{"$nulls":4},{"v":28000,"d":"28,000.00"},{"v":28000,"d":"28,000.00"}]
["昆明市卫生健康委员会","云南省精神病医院","新增资产配置经费","医药专用阴凉柜","冷藏箱柜","组",1,null,{"v":10000,"d":"10,000.00"},{"$nulls":4},{"v":10000,"d":"10,000.00"},{"v":10000,"d":"10,000.00"}]
["昆明市卫生健康委员会","云南省精神病医院","新增资产配置经费","医用专用阴凉柜","冷藏箱柜","组",1,null,{"v":10000,"d":"10,000.00"},{"$nulls":4},{"v":10000,"d":"10,000.00"},{"v":10000,"d":"10,000.00"}]
["昆明市卫生健康委员会","云南省精神病医院","新增资产配置经费","云南省精神病医院周界入侵、可视报警设备","其他电气设备","套",1,null,{"v":160000,"d":"160,000.00"},{"$nulls":4},{"v":160000,"d":"160,000.00"},{"v":160000,"d":"160,000.00"}]
["昆明市卫生健康委员会","云南省精神病医院","新增资产配置经费","多功能重症监护病床","其他服务","张",5,null,{"v":50000,"d":"50,000.00"},{"$nulls":4},{"v":50000,"d":"50,000.00"},{"v":50000,"d":"50,000.00"}]
["昆明市卫生健康委员会","云南省精神病医院","新增资产配置经费","医院1号楼消防联网报警设备整体改造","其他服务","套",1,null,{"v":990000,"d":"990,000.00"},{"$nulls":4},{"v":990000,"d":"990,000.00"},{"v":990000,"d":"990,000.00"}]
["昆明市卫生健康委员会","云南省精神病医院","新增资产配置经费","消毒柜","其他生活用电器","个",4,null,{"v":12000,"d":"12,000.00"},{"$nulls":4},{"v":12000,"d":"12,000.00"},{"v":12000,"d":"12,000.00"}]
["昆明市卫生健康委员会","云南省精神病医院","新增资产配置经费","机场椅","其他椅凳类","把",16,{"v":17600,"d":"17,600.00"},{"v":17600,"d":"17,600.00"},{"$nulls":4},{"v":17600,"d":"17,600.00"},{"v":17600,"d":"17,600.00"}]
["昆明市卫生健康委员会","云南省精神病医院","新增资产配置经费","304不锈钢发药车","其他用具","辆",2,{"v":6000,"d":"6,000.00"},{"v":6000,"d":"6,000.00"},{"$nulls":4},{"v":6000,"d":"6,000.00"},{"v":6000,"d":"6,000.00"}]
["昆明市卫生健康委员会","云南省精神病医院","新增资产配置经费","不锈钢治疗车","其他用具","辆",4,{"v":6000,"d":"6,000.00"},{"v":6000,"d":"6,000.00"},{"$nulls":4},{"v":6000,"d":"6,000.00"},{"v":6000,"d":"6,000.00"}]
["昆明市卫生健康委员会","云南省精神病医院","新增资产配置经费","团体心理辅导箱","其他用具","个",1,null,{"v":3000,"d":"3,000.00"},{"$nulls":4},{"v":3000,"d":"3,000.00"},{"v":3000,"d":"3,000.00"}]
["昆明市卫生健康委员会","云南省精神病医院","新增资产配置经费","外科洗手池双人位","其他用具","个",1,null,{"v":12000,"d":"12,000.00"},{"$nulls":4},{"v":12000,"d":"12,000.00"},{"v":12000,"d":"12,000.00"}]
["昆明市卫生健康委员会","云南省精神病医院","新增资产配置经费","三人沙发","沙发类","套",1,{"v":2000,"d":"2,000.00"},{"v":2000,"d":"2,000.00"},{"$nulls":4},{"v":2000,"d":"2,000.00"},{"v":2000,"d":"2,000.00"}]
["昆明市卫生健康委员会","云南省精神病医院","新增资产配置经费","三人组沙发","沙发类","套",1,{"v":2000,"d":"2,000.00"},{"v":2000,"d":"2,000.00"},{"$nulls":4},{"v":2000,"d":"2,000.00"},{"v":2000,"d":"2,000.00"}]
["昆明市卫生健康委员会","云南省精神病医院","新增资产配置经费","沙发","沙发类","台",5,{"v":15000,"d":"15,000.00"},{"v":15000,"d":"15,000.00"},{"$nulls":4},{"v":15000,"d":"15,000.00"},{"v":15000,"d":"15,000.00"}]
["昆明市卫生健康委员会","云南省精神病医院","新增资产配置经费","碎纸机","碎纸机","台",2,null,{"v":1600,"d":"1,600.00"},{"$nulls":4},{"v":1600,"d":"1,600.00"},{"v":1600,"d":"1,600.00"}]
["昆明市卫生健康委员会","云南省精神病医院","新增资产配置经费","台式电脑","台式计算机","台",108,null,{"v":540000,"d":"540,000.00"},{"$nulls":4},{"v":540000,"d":"540,000.00"},{"v":540000,"d":"540,000.00"}]
["昆明市卫生健康委员会","云南省精神病医院","新增资产配置经费","台式电脑","台式计算机","台",2,null,{"v":10000,"d":"10,000.00"},{"$nulls":4},{"v":10000,"d":"10,000.00"},{"v":10000,"d":"10,000.00"}]
["昆明市卫生健康委员会","云南省精神病医院","新增资产配置经费","条码打印机","条码打印机","台",3,null,{"v":6000,"d":"6,000.00"},{"$nulls":4},{"v":6000,"d":"6,000.00"},{"v":6000,"d":"6,000.00"}]
["昆明市卫生健康委员会","云南省精神病医院","新增资产配置经费","扫描枪","条码扫描器","把",3,null,{"v":2400,"d":"2,400.00"},{"$nulls":4},{"v":2400,"d":"2,400.00"},{"v":2400,"d":"2,400.00"}]
["昆明市卫生健康委员会","云南省精神病医院","新增资产配置经费","办公桌","文件柜","个",10,{"v":9000,"d":"9,000.00"},{"v":9000,"d":"9,000.00"},{"$nulls":4},{"v":9000,"d":"9,000.00"},{"v":9000,"d":"9,000.00"}]
["昆明市卫生健康委员会","云南省精神病医院","新增资产配置经费","文件柜","文件柜","个",3,{"v":3000,"d":"3,000.00"},{"v":3000,"d":"3,000.00"},{"$nulls":4},{"v":3000,"d":"3,000.00"},{"v":3000,"d":"3,000.00"}]
["昆明市卫生健康委员会","云南省精神病医院","新增资产配置经费","文件柜","文件柜","组",10,{"v":9000,"d":"9,000.00"},{"v":9000,"d":"9,000.00"},{"$nulls":4},{"v":9000,"d":"9,000.00"},{"v":9000,"d":"9,000.00"}]
["昆明市卫生健康委员会","云南省精神病医院","新增资产配置经费","文件柜","文件柜","组",1,{"v":1200,"d":"1,200.00"},{"v":1200,"d":"1,200.00"},{"$nulls":4},{"v":1200,"d":"1,200.00"},{"v":1200,"d":"1,200.00"}]
["昆明市卫生健康委员会","云南省精神病医院","新增资产配置经费","临床技能中心系统升级","行业应用软件","套",1,null,{"v":100000,"d":"100,000.00"},{"$nulls":4},{"v":100000,"d":"100,000.00"},{"v":100000,"d":"100,000.00"}]
["昆明市卫生健康委员会","云南省精神病医院","新增资产配置经费","智慧医院建设项目","行业应用软件","项目",1,null,{"v":18000000,"d":"18,000,000.00"},{"$nulls":4},{"v":18000000,"d":"18,000,000.00"},{"v":18000000,"d":"18,000,000.00"}]
["昆明市卫生健康委员会","云南省精神病医院","新增资产配置经费","便携式睡眠监测仪","医疗设备","台",2,null,{"v":100000,"d":"100,000.00"},{"$nulls":4},{"v":100000,"d":"100,000.00"},{"v":100000,"d":"100,000.00"}]
["昆明市卫生健康委员会","云南省精神病医院","新增资产配置经费","肠内营养输注泵","医疗设备","台",5,null,{"v":30000,"d":"30,000.00"},{"$nulls":4},{"v":30000,"d":"30,000.00"},{"v":30000,"d":"30,000.00"}]
["昆明市卫生健康委员会","云南省精神病医院","新增资产配置经费","除颤监护仪","医疗设备","台",4,null,{"v":160000,"d":"160,000.00"},{"$nulls":4},{"v":160000,"d":"160,000.00"},{"v":160000,"d":"160,000.00"}]
["昆明市卫生健康委员会","云南省精神病医院","新增资产配置经费","磁共振成像仪","医疗设备","台",1,null,{"v":17000000,"d":"17,000,000.00"},{"$nulls":4},{"v":17000000,"d":"17,000,000.00"},{"v":17000000,"d":"17,000,000.00"}]
["昆明市卫生健康委员会","云南省精神病医院","新增资产配置经费","低中频治疗仪","医疗设备","台",1,null,{"v":160000,"d":"160,000.00"},{"$nulls":4},{"v":160000,"d":"160,000.00"},{"v":160000,"d":"160,000.00"}]
["昆明市卫生健康委员会","云南省精神病医院","新增资产配置经费","电休克治疗仪","医疗设备","台",1,null,{"v":470000,"d":"470,000.00"},{"$nulls":4},{"v":470000,"d":"470,000.00"},{"v":470000,"d":"470,000.00"}]
["昆明市卫生健康委员会","云南省精神病医院","新增资产配置经费","复苏呼吸气囊","医疗设备","台",1,null,{"v":1000,"d":"1,000.00"},{"$nulls":4},{"v":1000,"d":"1,000.00"},{"v":1000,"d":"1,000.00"}]
["昆明市卫生健康委员会","云南省精神病医院","新增资产配置经费","负压吸引器","医疗设备","台",6,null,{"v":18000,"d":"18,000.00"},{"$nulls":4},{"v":18000,"d":"18,000.00"},{"v":18000,"d":"18,000.00"}]
["昆明市卫生健康委员会","云南省精神病医院","新增资产配置经费","负压吸引治疗仪","医疗设备","台",1,null,{"v":12000,"d":"12,000.00"},{"$nulls":4},{"v":12000,"d":"12,000.00"},{"v":12000,"d":"12,000.00"}]
["昆明市卫生健康委员会","云南省精神病医院","新增资产配置经费","高压灭菌器","医疗设备","个",1,null,{"v":30000,"d":"30,000.00"},{"$nulls":4},{"v":30000,"d":"30,000.00"},{"v":30000,"d":"30,000.00"}]
["昆明市卫生健康委员会","云南省精神病医院","新增资产配置经费","肌电诱发电位仪","医疗设备","台",1,null,{"v":480000,"d":"480,000.00"},{"$nulls":4},{"v":480000,"d":"480,000.00"},{"v":480000,"d":"480,000.00"}]
["昆明市卫生健康委员会","云南省精神病医院","新增资产配置经费","监护仪","医疗设备","元",2,null,{"v":200000,"d":"200,000.00"},{"$nulls":4},{"v":200000,"d":"200,000.00"},{"v":200000,"d":"200,000.00"}]
["昆明市卫生健康委员会","云南省精神病医院","新增资产配置经费","降复温毯","医疗设备","条",2,null,{"v":4000,"d":"4,000.00"},{"$nulls":4},{"v":4000,"d":"4,000.00"},{"v":4000,"d":"4,000.00"}]
["昆明市卫生健康委员会","云南省精神病医院","新增资产配置经费","经颅超声神经肌肉刺激治疗仪","医疗设备","台",2,null,{"v":400000,"d":"400,000.00"},{"$nulls":4},{"v":400000,"d":"400,000.00"},{"v":400000,"d":"400,000.00"}]
["昆明市卫生健康委员会","云南省精神病医院","新增资产配置经费","局部熏蒸治疗仪","医疗设备","台",8,null,{"v":8000,"d":"8,000.00"},{"$nulls":4},{"v":8000,"d":"8,000.00"},{"v":8000,"d":"8,000.00"}]
["昆明市卫生健康委员会","云南省精神病医院","新增资产配置经费","可视喉镜","医疗设备","台",2,null,{"v":40000,"d":"40,000.00"},{"$nulls":4},{"v":40000,"d":"40,000.00"},{"v":40000,"d":"40,000.00"}]
["昆明市卫生健康委员会","云南省精神病医院","新增资产配置经费","脑波治疗仪","医疗设备","台",1,null,{"v":150000,"d":"150,000.00"},{"$nulls":4},{"v":150000,"d":"150,000.00"},{"v":150000,"d":"150,000.00"}]
["昆明市卫生健康委员会","云南省精神病医院","新增资产配置经费","脑电治疗仪","医疗设备","台",1,null,{"v":50000,"d":"50,000.00"},{"$nulls":4},{"v":50000,"d":"50,000.00"},{"v":50000,"d":"50,000.00"}]
["昆明市卫生健康委员会","云南省精神病医院","新增资产配置经费","全自动血培养仪","医疗设备","台",1,null,{"v":30000,"d":"30,000.00"},{"$nulls":4},{"v":30000,"d":"30,000.00"},{"v":30000,"d":"30,000.00"}]
["昆明市卫生健康委员会","云南省精神病医院","新增资产配置经费","生物反馈胃肠治疗仪","医疗设备","台",2,null,{"v":100000,"d":"100,000.00"},{"$nulls":4},{"v":100000,"d":"100,000.00"},{"v":100000,"d":"100,000.00"}]
["昆明市卫生健康委员会","云南省精神病医院","新增资产配置经费","生物反馈治疗仪","医疗设备","台",1,null,{"v":460000,"d":"460,000.00"},{"$nulls":4},{"v":460000,"d":"460,000.00"},{"v":460000,"d":"460,000.00"}]
["昆明市卫生健康委员会","云南省精神病医院","新增资产配置经费","十二导心电图机","医疗设备","台",5,null,{"v":175000,"d":"175,000.00"},{"$nulls":4},{"v":175000,"d":"175,000.00"},{"v":175000,"d":"175,000.00"}]
["昆明市卫生健康委员会","云南省精神病医院","新增资产配置经费","十二导心电图机","医疗设备","台",1,null,{"v":35000,"d":"35,000.00"},{"$nulls":4},{"v":35000,"d":"35,000.00"},{"v":35000,"d":"35,000.00"}]
["昆明市卫生健康委员会","云南省精神病医院","新增资产配置经费","输液泵","医疗设备","台",5,null,{"v":30000,"d":"30,000.00"},{"$nulls":4},{"v":30000,"d":"30,000.00"},{"v":30000,"d":"30,000.00"}]
["昆明市卫生健康委员会","云南省精神病医院","新增资产配置经费","体外除颤仪","医疗设备","台",6,null,{"v":240000,"d":"240,000.00"},{"$nulls":4},{"v":240000,"d":"240,000.00"},{"v":240000,"d":"240,000.00"}]
["昆明市卫生健康委员会","云南省精神病医院","新增资产配置经费","微量注射泵","医疗设备","台",2,null,{"v":100000,"d":"100,000.00"},{"$nulls":4},{"v":100000,"d":"100,000.00"},{"v":100000,"d":"100,000.00"}]
["昆明市卫生健康委员会","云南省精神病医院","新增资产配置经费","微量注射泵","医疗设备","台",5,null,{"v":100000,"d":"100,000.00"},{"$nulls":4},{"v":100000,"d":"100,000.00"},{"v":100000,"d":"100,000.00"}]
["昆明市卫生健康委员会","云南省精神病医院","新增资产配置经费","无创呼吸机","医疗设备","台",4,null,{"v":720000,"d":"720,000.00"},{"$nulls":4},{"v":720000,"d":"720,000.00"},{"v":720000,"d":"720,000.00"}]
["昆明市卫生健康委员会","云南省精神病医院","新增资产配置经费","无创呼吸机","医疗设备","台",1,null,{"v":180000,"d":"180,000.00"},{"$nulls":4},{"v":180000,"d":"180,000.00"},{"v":180000,"d":"180,000.00"}]
["昆明市卫生健康委员会","云南省精神病医院","新增资产配置经费","吸痰器","医疗设备","台",1,null,{"v":2000,"d":"2,000.00"},{"$nulls":4},{"v":2000,"d":"2,000.00"},{"v":2000,"d":"2,000.00"}]
["昆明市卫生健康委员会","云南省精神病医院","新增资产配置经费","洗胃机","医疗设备","台",2,null,{"v":8000,"d":"8,000.00"},{"$nulls":4},{"v":8000,"d":"8,000.00"},{"v":8000,"d":"8,000.00"}]
["昆明市卫生健康委员会","云南省精神病医院","新增资产配置经费","洗胃机","医疗设备","台",1,null,{"v":4000,"d":"4,000.00"},{"$nulls":4},{"v":4000,"d":"4,000.00"},{"v":4000,"d":"4,000.00"}]
["昆明市卫生健康委员会","云南省精神病医院","新增资产配置经费","心电监护仪","医疗设备","台",32,null,{"v":640000,"d":"640,000.00"},{"$nulls":4},{"v":640000,"d":"640,000.00"},{"v":640000,"d":"640,000.00"}]
["昆明市卫生健康委员会","云南省精神病医院","新增资产配置经费","心电监护仪","医疗设备","台",5,null,{"v":100000,"d":"100,000.00"},{"$nulls":4},{"v":100000,"d":"100,000.00"},{"v":100000,"d":"100,000.00"}]
["昆明市卫生健康委员会","云南省精神病医院","新增资产配置经费","心肺复苏抢救装备车","医疗设备","辆",3,null,{"v":9000,"d":"9,000.00"},{"$nulls":4},{"v":9000,"d":"9,000.00"},{"v":9000,"d":"9,000.00"}]
["昆明市卫生健康委员会","云南省精神病医院","新增资产配置经费","心理游戏沙盘治疗","医疗设备","套",1,null,{"v":9000,"d":"9,000.00"},{"$nulls":4},{"v":9000,"d":"9,000.00"},{"v":9000,"d":"9,000.00"}]
["昆明市卫生健康委员会","云南省精神病医院","新增资产配置经费","遥测心电监护仪","医疗设备","台",1,null,{"v":500000,"d":"500,000.00"},{"$nulls":4},{"v":500000,"d":"500,000.00"},{"v":500000,"d":"500,000.00"}]
["昆明市卫生健康委员会","云南省精神病医院","新增资产配置经费","有创呼吸机","医疗设备","台",1,null,{"v":235000,"d":"235,000.00"},{"$nulls":4},{"v":235000,"d":"235,000.00"},{"v":235000,"d":"235,000.00"}]
["昆明市卫生健康委员会","云南省精神病医院","新增资产配置经费","震荡排痰仪","医疗设备","台",1,null,{"v":30000,"d":"30,000.00"},{"$nulls":4},{"v":30000,"d":"30,000.00"},{"v":30000,"d":"30,000.00"}]
["昆明市卫生健康委员会","云南省精神病医院","新增资产配置经费","中频治疗仪","医疗设备","台",1,null,{"v":5000,"d":"5,000.00"},{"$nulls":4},{"v":5000,"d":"5,000.00"},{"v":5000,"d":"5,000.00"}]
["昆明市卫生健康委员会","云南省精神病医院","新增资产配置经费","吊塔","医疗设备零部件","台",5,null,{"v":50000,"d":"50,000.00"},{"$nulls":4},{"v":50000,"d":"50,000.00"},{"v":50000,"d":"50,000.00"}]
["昆明市卫生健康委员会","云南省精神病医院","新增资产配置经费","移动硬盘","移动存储设备","个",2,null,{"v":1200,"d":"1,200.00"},{"$nulls":4},{"v":1200,"d":"1,200.00"},{"v":1200,"d":"1,200.00"}]
["昆明市卫生健康委员会","云南省精神病医院","新增资产配置经费","办公椅","椅凳类","把",4,{"v":800,"d":"800.00"},{"v":800,"d":"800.00"},{"$nulls":4},{"v":800,"d":"800.00"},{"v":800,"d":"800.00"}]
["昆明市卫生健康委员会","云南省精神病医院","新增资产配置经费","办公椅","椅凳类","把",109,{"v":32700,"d":"32,700.00"},{"v":32700,"d":"32,700.00"},{"$nulls":4},{"v":32700,"d":"32,700.00"},{"v":32700,"d":"32,700.00"}]
["昆明市卫生健康委员会","云南省精神病医院","新增资产配置经费","多功能椅子","椅凳类","把",10,{"v":4000,"d":"4,000.00"},{"v":4000,"d":"4,000.00"},{"$nulls":4},{"v":4000,"d":"4,000.00"},{"v":4000,"d":"4,000.00"}]
["昆明市卫生健康委员会","云南省精神病医院","新增资产配置经费","会议椅","椅凳类","把",15,{"v":7500,"d":"7,500.00"},{"v":7500,"d":"7,500.00"},{"$nulls":4},{"v":7500,"d":"7,500.00"},{"v":7500,"d":"7,500.00"}]
["昆明市卫生健康委员会","云南省精神病医院","新增资产配置经费","椅子","椅凳类","把",10,{"v":5000,"d":"5,000.00"},{"v":5000,"d":"5,000.00"},{"$nulls":4},{"v":5000,"d":"5,000.00"},{"v":5000,"d":"5,000.00"}]
["昆明市卫生健康委员会","云南省精神病医院","2025年人才科研经费","印刷服务","印刷服务","批",1,{"v":70000,"d":"70,000.00"},{"v":70000,"d":"70,000.00"},{"$nulls":4},{"v":70000,"d":"70,000.00"},{"v":70000,"d":"70,000.00"}]
["合  计",{"$nulls":6},{"v":20504250,"d":"20,504,250.00"},{"v":84196950,"d":"84,196,950.00"},{"$nulls":4},{"v":84196950,"d":"84,196,950.00"},{"v":84196950,"d":"84,196,950.00"}]
["备注：当面向中小企业预留资金大于合计时，面向中小企业预留资金为三年预计数。"]

{"sheet":"部门政府购买服务预算表08","index":8,"n_rows":11,"n_cols":20,"rows_kept":11,"merged":[[2,0,2,19],[3,0,3,8],[4,0,6,0],[4,1,6,1],[4,2,6,2],[4,3,6,3],[4,4,6,4],[4,5,6,5],[4,6,6,6],[4,7,6,7],[4,8,6,8],[4,9,4,19],[5,9,6,9],[5,10,6,10],[5,11,6,11],[5,12,6,12],[5,13,6,13],[5,14,5,19],[9,0,9,8]]}
[]
[{"$nulls":19},"预算08表"]
[{"$f":"\"2025\"&\"年部门政府购买服务预算表\"","v":"2025年部门政府购买服务预算表"}]
[{"$f":"\"单位名称：\"&\"云南省精神病医院\"","v":"单位名称：云南省精神病医院"},{"$nulls":18},"单位：元"]
["主管部门","单位名称","预算项目","政府购买服务项目","政府购买服务指导性目录代码","基本支出/项目支出","所属服务类别","所属服务领域","购买内容简述","资金来源"]
[{"$nulls":9},"合计","一般公共预算","政府性基金","国有资本经营收益","财政专户管理的收入","单位自筹"]
[{"$nulls":10},"小计",{"$nulls":3},"小计","事业收入","事业单位经营收入","上级补助收入","附属单位上缴收入","其他收入"]
[1,2,3,4,5,6,7,8,9,10,11,12,13,14,15,16,17,18,19,20]
[]
["合  计"]
["备注：此表无数据",{"$nulls":4},"备注：此表无数据"]

{"sheet":"市对下转移支付预算表09-1","index":9,"n_rows":10,"n_cols":24,"rows_kept":10,"merged":[[2,0,2,23],[3,0,3,8],[4,0,5,0],[4,1,4,3],[4,4,4,23]]}
[]
[{"$nulls":23},"预算09-1表"]
[{"$f":"\"2025\"&\"年市对下转移支付预算表\"","v":"2025年市对下转移支付预算表"}]
[{"$f":"\"单位名称：\"&\"云南省精神病医院\"","v":"单位名称：云南省精神病医院"},{"$nulls":22},"单位：元"]
["单位名称（项目）","资金来源",null,null,"地区"]
[null,"合计","一般公共预算","政府性基金","盘龙区","五华区","西山区","官渡区","呈贡区","晋宁区","东川区","富民县","宜良县","石林县","禄劝县","寻甸县","高新区","滇池旅游度假区","阳宗海管委会","滇中新区","安宁市","经开区","嵩明县","磨憨经济合作区"]
[1,2,3,4,5,6,7,8,9,10,11,12,13,14,15,16,17,18,19,20,21,22,23,24]
[]
[]
["备注：此表无数据"]

{"sheet":"市对下转移支付绩效目标表09-2","index":10,"n_rows":9,"n_cols":10,"rows_kept":9,"merged":[[2,0,2,9],[3,0,3,7]]}
[]
[{"$nulls":9},"预算09-2表"]
[{"$f":"\"2025\"&\"年市对下转移支付绩效目标表\"","v":"2025年市对下转移支付绩效目标表"}]
[{"$f":"\"单位名称：\"&\"云南省精神病医院\"","v":"单位名称：云南省精神病医院"}]
["单位名称（项目）","项目年度绩效目标","一级指标","二级指标","三级指标","指标性质","指标值","度量单位","指标属性","指标内容"]
[1,2,3,4,5,6,7,8,9,10]
[]
[]
["备注：此表无数据"]

{"sheet":"新增资产配置表10","index":11,"n_rows":139,"n_cols":9,"rows_kept":139,"merged":[[1,0,1,8],[2,0,2,8],[3,0,3,2],[4,0,5,0],[4,1,5,1],[4,2,5,2],[4,3,5,3],[4,4,5,4],[4,5,5,5],[4,6,4,8],[138,0,138,5]]}
[]
["预算10表\n"]
[{"$f":"\"2025\"&\"年新增资产配置预算表\"","v":"2025年新增资产配置预算表"}]
[{"$f":"\"单位名称：\"&\"云南省精神病医院\"","v":"单位名称：云南省精神病医院"},{"$nulls":7},"单位：元"]
["主管部门","单位名称","资产类别","资产分类代码.名称","资产名称","计量单位","财政部门批复数（元）"]
[{"$nulls":6},"数量","单价","金额"]
["1",null,"2","3","4","5","6","7","8"]
["昆明市卫生健康委员会","云南省精神病医院","设备","A02010105 台式计算机","台式计算机","元",108,{"v":5000,"d":"5,000.00"},{"v":540000,"d":"540,000.00"}]
["昆明市卫生健康委员会","云南省精神病医院","设备","A02010105 台式计算机","台式计算机","台",2,{"v":5000,"d":"5,000.00"},{"v":10000,"d":"10,000.00"}]
["昆明市卫生健康委员会","云南省精神病医院","设备","A02010108 便携式计算机","便携式计算机","元",7,{"v":7000,"d":"7,000.00"},{"v":49000,"d":"49,000.00"}]
["昆明市卫生健康委员会","云南省精神病医院","设备","A02010508 移动存储设备","移动存储设备","台",2,{"v":600,"d":"600.00"},{"v":1200,"d":"1,200.00"}]
["昆明市卫生健康委员会","云南省精神病医院","设备","A02019900 其他信息化设备","其他信息化设备","套",1,{"v":4000000,"d":"4,000,000.00"},{"v":4000000,"d":"4,000,000.00"}]
["昆明市卫生健康委员会","云南省精神病医院","设备","A02020100 复印机","复印机","台",1,{"v":20000,"d":"20,000.00"},{"v":20000,"d":"20,000.00"}]
["昆明市卫生健康委员会","云南省精神病医院","设备","A02020400 多功能一体机","多功能一体机","台",4,{"v":2500,"d":"2,500.00"},{"v":10000,"d":"10,000.00"}]
["昆明市卫生健康委员会","云南省精神病医院","设备","A02020800 触控一体机","触控一体机","台",4,{"v":12000,"d":"12,000.00"},{"v":48000,"d":"48,000.00"}]
["昆明市卫生健康委员会","云南省精神病医院","设备","A02021003 A4黑白打印机","A4黑白打印机","元",47,{"v":1200,"d":"1,200.00"},{"v":56400,"d":"56,400.00"}]
["昆明市卫生健康委员会","云南省精神病医院","设备","A02021004 A4彩色打印机","A4彩色打印机","台",2,{"v":2000,"d":"2,000.00"},{"v":4000,"d":"4,000.00"}]
["昆明市卫生健康委员会","云南省精神病医院","设备","A02021007 条码打印机","条码打印机","台",3,{"v":2000,"d":"2,000.00"},{"v":6000,"d":"6,000.00"}]
["昆明市卫生健康委员会","云南省精神病医院","设备","A02021099 其他打印机","其他打印机","台",1,{"v":2800,"d":"2,800.00"},{"v":2800,"d":"2,800.00"}]
["昆明市卫生健康委员会","云南省精神病医院","设备","A02021119 条码扫描器","条码扫描器","元",3,{"v":800,"d":"800.00"},{"v":2400,"d":"2,400.00"}]
["昆明市卫生健康委员会","云南省精神病医院","设备","A02021301 碎纸机","碎纸机","台",2,{"v":800,"d":"800.00"},{"v":1600,"d":"1,600.00"}]
["昆明市卫生健康委员会","云南省精神病医院","设备","A02021499 其他会计机械","其他会计机械","台",3,{"v":2800,"d":"2,800.00"},{"v":8400,"d":"8,400.00"}]
["昆明市卫生健康委员会","云南省精神病医院","设备","A02029900 其他办公设备","其他办公设备","台",1,{"v":12000,"d":"12,000.00"},{"v":12000,"d":"12,000.00"}]
["昆明市卫生健康委员会","云南省精神病医院","设备","A02029900 其他办公设备","其他办公设备","套",1,{"v":199800,"d":"199,800.00"},{"v":199800,"d":"199,800.00"}]
["昆明市卫生健康委员会","云南省精神病医院","设备","A02029900 其他办公设备","其他办公设备","个",1,{"v":3000,"d":"3,000.00"},{"v":3000,"d":"3,000.00"}]
["昆明市卫生健康委员会","云南省精神病医院","设备","A02029900 其他办公设备","其他办公设备","台",2,{"v":3000,"d":"3,000.00"},{"v":6000,"d":"6,000.00"}]
["昆明市卫生健康委员会","云南省精神病医院","设备","A02029900 其他办公设备","其他办公设备","张",4,{"v":1500,"d":"1,500.00"},{"v":6000,"d":"6,000.00"}]
["昆明市卫生健康委员会","云南省精神病医院","设备","A02029900 其他办公设备","其他办公设备","套",1,{"v":60000,"d":"60,000.00"},{"v":60000,"d":"60,000.00"}]
["昆明市卫生健康委员会","云南省精神病医院","设备","A02051227 电梯","电梯","部",7,{"v":300000,"d":"300,000.00"},{"v":2100000,"d":"2,100,000.00"}]
["昆明市卫生健康委员会","云南省精神病医院","设备","A02051227 电梯","电梯","部",1,{"v":500000,"d":"500,000.00"},{"v":500000,"d":"500,000.00"}]
["昆明市卫生健康委员会","云南省精神病医院","设备","A02061801 电冰箱","电冰箱","台",2,{"v":1500,"d":"1,500.00"},{"v":3000,"d":"3,000.00"}]
["昆明市卫生健康委员会","云南省精神病医院","设备","A02061801 电冰箱","电冰箱","台",1,{"v":10000,"d":"10,000.00"},{"v":10000,"d":"10,000.00"}]
["昆明市卫生健康委员会","云南省精神病医院","设备","A02061801 电冰箱","电冰箱","台",2,{"v":4000,"d":"4,000.00"},{"v":8000,"d":"8,000.00"}]
["昆明市卫生健康委员会","云南省精神病医院","设备","A02061802 风扇","风扇","台",1,{"v":200,"d":"200.00"},{"v":200,"d":"200.00"}]
["昆明市卫生健康委员会","云南省精神病医院","设备","A02061804 空调机","空调机","台",8,{"v":3500,"d":"3,500.00"},{"v":28000,"d":"28,000.00"}]
["昆明市卫生健康委员会","云南省精神病医院","设备","A02061806 空气净化设备","空气净化设备","台",4,{"v":800,"d":"800.00"},{"v":3200,"d":"3,200.00"}]
["昆明市卫生健康委员会","云南省精神病医院","设备","A02061809 调湿调温机","调湿调温机","台",1,{"v":3600,"d":"3,600.00"},{"v":3600,"d":"3,600.00"}]
["昆明市卫生健康委员会","云南省精神病医院","设备","A02061809 调湿调温机","调湿调温机","台",1,{"v":3600,"d":"3,600.00"},{"v":3600,"d":"3,600.00"}]
["昆明市卫生健康委员会","云南省精神病医院","设备","A02061809 调湿调温机","调湿调温机","台",1,{"v":5000,"d":"5,000.00"},{"v":5000,"d":"5,000.00"}]
["昆明市卫生健康委员会","云南省精神病医院","设备","A02061819 热水器","热水器","台",1,{"v":1500,"d":"1,500.00"},{"v":1500,"d":"1,500.00"}]
["昆明市卫生健康委员会","云南省精神病医院","设备","A02061899 其他生活用电器","其他生活用电器","台",4,{"v":5000,"d":"5,000.00"},{"v":20000,"d":"20,000.00"}]
["昆明市卫生健康委员会","云南省精神病医院","设备","A02061899 其他生活用电器","其他生活用电器","台",1,{"v":950,"d":"950.00"},{"v":950,"d":"950.00"}]
["昆明市卫生健康委员会","云南省精神病医院","设备","A02061899 其他生活用电器","其他生活用电器","台",1,{"v":2200,"d":"2,200.00"},{"v":2200,"d":"2,200.00"}]
["昆明市卫生健康委员会","云南省精神病医院","设备","A02062003 电动工具","电动工具","台",2,{"v":3200,"d":"3,200.00"},{"v":6400,"d":"6,400.00"}]
["昆明市卫生健康委员会","云南省精神病医院","设备","A02089900 其他通信设备","其他通信设备","套",1,{"v":990000,"d":"990,000.00"},{"v":990000,"d":"990,000.00"}]
["昆明市卫生健康委员会","云南省精神病医院","设备","A02099900 其他广播、电视、电影设备","其他广播、电视、电影设备","套",3,{"v":20000,"d":"20,000.00"},{"v":60000,"d":"60,000.00"}]
["昆明市卫生健康委员会","云南省精神病医院","设备","A02320300 医用电子生理参数检测仪器设备","医用电子生理参数检测仪器设备","台",1,{"v":500000,"d":"500,000.00"},{"v":500000,"d":"500,000.00"}]
["昆明市卫生健康委员会","云南省精神病医院","设备","A02320300 医用电子生理参数检测仪器设备","医用电子生理参数检测仪器设备","台",32,{"v":20000,"d":"20,000.00"},{"v":640000,"d":"640,000.00"}]
["昆明市卫生健康委员会","云南省精神病医院","设备","A02320300 医用电子生理参数检测仪器设备","医用电子生理参数检测仪器设备","台",1,{"v":470000,"d":"470,000.00"},{"v":470000,"d":"470,000.00"}]
["昆明市卫生健康委员会","云南省精神病医院","设备","A02320300 医用电子生理参数检测仪器设备","医用电子生理参数检测仪器设备","台",1,{"v":480000,"d":"480,000.00"},{"v":480000,"d":"480,000.00"}]
["昆明市卫生健康委员会","云南省精神病医院","设备","A02320300 医用电子生理参数检测仪器设备","医用电子生理参数检测仪器设备","台",1,{"v":35000,"d":"35,000.00"},{"v":35000,"d":"35,000.00"}]
["昆明市卫生健康委员会","云南省精神病医院","设备","A02320300 医用电子生理参数检测仪器设备","医用电子生理参数检测仪器设备","台",2,{"v":100000,"d":"100,000.00"},{"v":200000,"d":"200,000.00"}]
["昆明市卫生健康委员会","云南省精神病医院","设备","A02320300 医用电子生理参数检测仪器设备","医用电子生理参数检测仪器设备","台",5,{"v":35000,"d":"35,000.00"},{"v":175000,"d":"175,000.00"}]
["昆明市卫生健康委员会","云南省精神病医院","设备","A02320300 医用电子生理参数检测仪器设备","医用电子生理参数检测仪器设备","台",5,{"v":20000,"d":"20,000.00"},{"v":100000,"d":"100,000.00"}]
["昆明市卫生健康委员会","云南省精神病医院","设备","A02320300 医用电子生理参数检测仪器设备","医用电子生理参数检测仪器设备","台",2,{"v":50000,"d":"50,000.00"},{"v":100000,"d":"100,000.00"}]
["昆明市卫生健康委员会","云南省精神病医院","设备","A02320400 医用光学仪器","医用光学仪器","台",2,{"v":20000,"d":"20,000.00"},{"v":40000,"d":"40,000.00"}]
["昆明市卫生健康委员会","云南省精神病医院","设备","A02320800 物理治疗、康复及体育治疗仪器设备","物理治疗、康复及体育治疗仪器设备","台",1,{"v":5000,"d":"5,000.00"},{"v":5000,"d":"5,000.00"}]
["昆明市卫生健康委员会","云南省精神病医院","设备","A02320800 物理治疗、康复及体育治疗仪器设备","物理治疗、康复及体育治疗仪器设备","台",1,{"v":160000,"d":"160,000.00"},{"v":160000,"d":"160,000.00"}]
["昆明市卫生健康委员会","云南省精神病医院","设备","A02320800 物理治疗、康复及体育治疗仪器设备","物理治疗、康复及体育治疗仪器设备","台",2,{"v":200000,"d":"200,000.00"},{"v":400000,"d":"400,000.00"}]
["昆明市卫生健康委员会","云南省精神病医院","设备","A02320800 物理治疗、康复及体育治疗仪器设备","物理治疗、康复及体育治疗仪器设备","台",1,{"v":150000,"d":"150,000.00"},{"v":150000,"d":"150,000.00"}]
["昆明市卫生健康委员会","云南省精神病医院","设备","A02320800 物理治疗、康复及体育治疗仪器设备","物理治疗、康复及体育治疗仪器设备","台",1,{"v":50000,"d":"50,000.00"},{"v":50000,"d":"50,000.00"}]
["昆明市卫生健康委员会","云南省精神病医院","设备","A02320800 物理治疗、康复及体育治疗仪器设备","物理治疗、康复及体育治疗仪器设备","台",2,{"v":50000,"d":"50,000.00"},{"v":100000,"d":"100,000.00"}]
["昆明市卫生健康委员会","云南省精神病医院","设备","A02320800 物理治疗、康复及体育治疗仪器设备","物理治疗、康复及体育治疗仪器设备","台",1,{"v":460000,"d":"460,000.00"},{"v":460000,"d":"460,000.00"}]
["昆明市卫生健康委员会","云南省精神病医院","设备","A02320800 物理治疗、康复及体育治疗仪器设备","物理治疗、康复及体育治疗仪器设备","台",1,{"v":30000,"d":"30,000.00"},{"v":30000,"d":"30,000.00"}]
["昆明市卫生健康委员会","云南省精神病医院","设备","A02320800 物理治疗、康复及体育治疗仪器设备","物理治疗、康复及体育治疗仪器设备","台",1,{"v":12000,"d":"12,000.00"},{"v":12000,"d":"12,000.00"}]
["昆明市卫生健康委员会","云南省精神病医院","设备","A02320900 中医器械设备","中医器械设备","台",8,{"v":1000,"d":"1,000.00"},{"v":8000,"d":"8,000.00"}]
["昆明市卫生健康委员会","云南省精神病医院","设备","A02321000 医用磁共振设备","医用磁共振设备","台",1,{"v":17000000,"d":"17,000,000.00"},{"v":17000000,"d":"17,000,000.00"}]
["昆明市卫生健康委员会","云南省精神病医院","设备","A02321900 临床检验设备","临床检验设备","台",1,{"v":30000,"d":"30,000.00"},{"v":30000,"d":"30,000.00"}]
["昆明市卫生健康委员会","云南省精神病医院","设备","A02322500 急救和生命支持设备","急救和生命支持设备","台",1,{"v":235000,"d":"235,000.00"},{"v":235000,"d":"235,000.00"}]
["昆明市卫生健康委员会","云南省精神病医院","设备","A02322500 急救和生命支持设备","急救和生命支持设备","台",1,{"v":1000,"d":"1,000.00"},{"v":1000,"d":"1,000.00"}]
["昆明市卫生健康委员会","云南省精神病医院","设备","A02322500 急救和生命支持设备","急救和生命支持设备","台",4,{"v":180000,"d":"180,000.00"},{"v":720000,"d":"720,000.00"}]
["昆明市卫生健康委员会","云南省精神病医院","设备","A02322500 急救和生命支持设备","急救和生命支持设备","台",4,{"v":40000,"d":"40,000.00"},{"v":160000,"d":"160,000.00"}]
["昆明市卫生健康委员会","云南省精神病医院","设备","A02322500 急救和生命支持设备","急救和生命支持设备","台",1,{"v":180000,"d":"180,000.00"},{"v":180000,"d":"180,000.00"}]
["昆明市卫生健康委员会","云南省精神病医院","设备","A02322500 急救和生命支持设备","急救和生命支持设备","台",2,{"v":4000,"d":"4,000.00"},{"v":8000,"d":"8,000.00"}]
["昆明市卫生健康委员会","云南省精神病医院","设备","A02322500 急救和生命支持设备","急救和生命支持设备","台",1,{"v":4000,"d":"4,000.00"},{"v":4000,"d":"4,000.00"}]
["昆明市卫生健康委员会","云南省精神病医院","设备","A02322500 急救和生命支持设备","急救和生命支持设备","台",6,{"v":40000,"d":"40,000.00"},{"v":240000,"d":"240,000.00"}]
["昆明市卫生健康委员会","云南省精神病医院","设备","A02322800 消毒灭菌设备及器具","消毒灭菌设备及器具","台",1,{"v":30000,"d":"30,000.00"},{"v":30000,"d":"30,000.00"}]
["昆明市卫生健康委员会","云南省精神病医院","设备","A02329900 其他医疗设备","其他医疗设备","台",1,{"v":10000,"d":"10,000.00"},{"v":10000,"d":"10,000.00"}]
["昆明市卫生健康委员会","云南省精神病医院","设备","A02329900 其他医疗设备","其他医疗设备","台",3,{"v":3000,"d":"3,000.00"},{"v":9000,"d":"9,000.00"}]
["昆明市卫生健康委员会","云南省精神病医院","设备","A02329900 其他医疗设备","其他医疗设备","台",6,{"v":3000,"d":"3,000.00"},{"v":18000,"d":"18,000.00"}]
["昆明市卫生健康委员会","云南省精神病医院","设备","A02329900 其他医疗设备","其他医疗设备","台",1,{"v":2000,"d":"2,000.00"},{"v":2000,"d":"2,000.00"}]
["昆明市卫生健康委员会","云南省精神病医院","设备","A02329900 其他医疗设备","其他医疗设备","台",5,{"v":20000,"d":"20,000.00"},{"v":100000,"d":"100,000.00"}]
["昆明市卫生健康委员会","云南省精神病医院","设备","A02329900 其他医疗设备","其他医疗设备","台",5,{"v":6000,"d":"6,000.00"},{"v":30000,"d":"30,000.00"}]
["昆明市卫生健康委员会","云南省精神病医院","设备","A02329900 其他医疗设备","其他医疗设备","台",5,{"v":10000,"d":"10,000.00"},{"v":50000,"d":"50,000.00"}]
["昆明市卫生健康委员会","云南省精神病医院","设备","A02329900 其他医疗设备","其他医疗设备","台",2,{"v":50000,"d":"50,000.00"},{"v":100000,"d":"100,000.00"}]
["昆明市卫生健康委员会","云南省精神病医院","设备","A02329900 其他医疗设备","其他医疗设备","台",1,{"v":9000,"d":"9,000.00"},{"v":9000,"d":"9,000.00"}]
["昆明市卫生健康委员会","云南省精神病医院","设备","A02329900 其他医疗设备","其他医疗设备","台",5,{"v":6000,"d":"6,000.00"},{"v":30000,"d":"30,000.00"}]
["昆明市卫生健康委员会","云南省精神病医院","设备","A02329900 其他医疗设备","其他医疗设备","个",2,{"v":2000,"d":"2,000.00"},{"v":4000,"d":"4,000.00"}]
["昆明市卫生健康委员会","云南省精神病医院","设备","A02349900 其他安全生产设备","其他安全生产设备","台",1,{"v":160000,"d":"160,000.00"},{"v":160000,"d":"160,000.00"}]
["昆明市卫生健康委员会","云南省精神病医院","设备","A02462600 健身设备","健身设备","张",1,{"v":12000,"d":"12,000.00"},{"v":12000,"d":"12,000.00"}]
["昆明市卫生健康委员会","云南省精神病医院","设备","A02462600 健身设备","健身设备","个",2,{"v":6000,"d":"6,000.00"},{"v":12000,"d":"12,000.00"}]
["昆明市卫生健康委员会","云南省精神病医院","设备","A02462600 健身设备","健身设备","张",2,{"v":2500,"d":"2,500.00"},{"v":5000,"d":"5,000.00"}]
["昆明市卫生健康委员会","云南省精神病医院","设备","A02462700 运动康复设备","运动康复设备","台",1,{"v":5000,"d":"5,000.00"},{"v":5000,"d":"5,000.00"}]
["昆明市卫生健康委员会","云南省精神病医院","设备","A02469900 其他体育设备设施","其他体育设备设施","台",1,{"v":8000,"d":"8,000.00"},{"v":8000,"d":"8,000.00"}]
["昆明市卫生健康委员会","云南省精神病医院","图书和档案","A04010101 书籍、课本","书籍、课本","元",{"v":1000,"d":"1,000"},{"v":30,"d":"30.00"},{"v":30000,"d":"30,000.00"}]
["昆明市卫生健康委员会","云南省精神病医院","家具和用品","A05010199 其他床类","其他床类","张",15,{"v":1500,"d":"1,500.00"},{"v":22500,"d":"22,500.00"}]
["昆明市卫生健康委员会","云南省精神病医院","家具和用品","A05010199 其他床类","其他床类","张",2,{"v":1500,"d":"1,500.00"},{"v":3000,"d":"3,000.00"}]
["昆明市卫生健康委员会","云南省精神病医院","家具和用品","A05010199 其他床类","其他床类","张",4,{"v":1500,"d":"1,500.00"},{"v":6000,"d":"6,000.00"}]
["昆明市卫生健康委员会","云南省精神病医院","家具和用品","A05010199 其他床类","其他床类","张",5,{"v":10000,"d":"10,000.00"},{"v":50000,"d":"50,000.00"}]
["昆明市卫生健康委员会","云南省精神病医院","家具和用品","A05010201 办公桌","办公桌","张",10,{"v":900,"d":"900.00"},{"v":9000,"d":"9,000.00"}]
["昆明市卫生健康委员会","云南省精神病医院","家具和用品","A05010203 教学、实验用桌","教学、实验用桌","个",1,{"v":1800,"d":"1,800.00"},{"v":1800,"d":"1,800.00"}]
["昆明市卫生健康委员会","云南省精神病医院","家具和用品","A05010299 其他台、桌类","其他台、桌类","张",3,{"v":500,"d":"500.00"},{"v":1500,"d":"1,500.00"}]
["昆明市卫生健康委员会","云南省精神病医院","家具和用品","A05010301 办公椅","办公椅","把",10,{"v":500,"d":"500.00"},{"v":5000,"d":"5,000.00"}]
["昆明市卫生健康委员会","云南省精神病医院","家具和用品","A05010301 办公椅","办公椅","把",4,{"v":200,"d":"200.00"},{"v":800,"d":"800.00"}]
["昆明市卫生健康委员会","云南省精神病医院","家具和用品","A05010301 办公椅","办公椅","把",109,{"v":300,"d":"300.00"},{"v":32700,"d":"32,700.00"}]
["昆明市卫生健康委员会","云南省精神病医院","家具和用品","A05010303 会议椅","会议椅","把",15,{"v":500,"d":"500.00"},{"v":7500,"d":"7,500.00"}]
["昆明市卫生健康委员会","云南省精神病医院","家具和用品","A05010399 其他椅凳类","其他椅凳类","把",10,{"v":400,"d":"400.00"},{"v":4000,"d":"4,000.00"}]
["昆明市卫生健康委员会","云南省精神病医院","家具和用品","A05010401 三人沙发","三人沙发","组",1,{"v":2000,"d":"2,000.00"},{"v":2000,"d":"2,000.00"}]
["昆明市卫生健康委员会","云南省精神病医院","家具和用品","A05010401 三人沙发","三人沙发","组",1,{"v":2000,"d":"2,000.00"},{"v":2000,"d":"2,000.00"}]
["昆明市卫生健康委员会","云南省精神病医院","家具和用品","A05010499 其他沙发类","其他沙发类","组",5,{"v":3000,"d":"3,000.00"},{"v":15000,"d":"15,000.00"}]
["昆明市卫生健康委员会","云南省精神病医院","家具和用品","A05010502 文件柜","文件柜","个",1,{"v":1200,"d":"1,200.00"},{"v":1200,"d":"1,200.00"}]
["昆明市卫生健康委员会","云南省精神病医院","家具和用品","A05010502 文件柜","文件柜","个",10,{"v":900,"d":"900.00"},{"v":9000,"d":"9,000.00"}]
["昆明市卫生健康委员会","云南省精神病医院","家具和用品","A05010502 文件柜","文件柜","个",3,{"v":1000,"d":"1,000.00"},{"v":3000,"d":"3,000.00"}]
["昆明市卫生健康委员会","云南省精神病医院","家具和用品","A05010599 其他柜类","其他柜类","个",1,{"v":3000,"d":"3,000.00"},{"v":3000,"d":"3,000.00"}]
["昆明市卫生健康委员会","云南省精神病医院","家具和用品","A05010599 其他柜类","其他柜类","个",1,{"v":1500,"d":"1,500.00"},{"v":1500,"d":"1,500.00"}]
["昆明市卫生健康委员会","云南省精神病医院","家具和用品","A05010599 其他柜类","其他柜类","个",24,{"v":500,"d":"500.00"},{"v":12000,"d":"12,000.00"}]
["昆明市卫生健康委员会","云南省精神病医院","家具和用品","A05010599 其他柜类","其他柜类","个",1,{"v":1000,"d":"1,000.00"},{"v":1000,"d":"1,000.00"}]
["昆明市卫生健康委员会","云南省精神病医院","家具和用品","A05010599 其他柜类","其他柜类","个",25,{"v":950,"d":"950.00"},{"v":23750,"d":"23,750.00"}]
["昆明市卫生健康委员会","云南省精神病医院","家具和用品","A05010599 其他柜类","其他柜类","个",4,{"v":3000,"d":"3,000.00"},{"v":12000,"d":"12,000.00"}]
["昆明市卫生健康委员会","云南省精神病医院","家具和用品","A05010599 其他柜类","其他柜类","个",1,{"v":1500,"d":"1,500.00"},{"v":1500,"d":"1,500.00"}]
["昆明市卫生健康委员会","云南省精神病医院","家具和用品","A05010599 其他柜类","其他柜类","个",2,{"v":8750,"d":"8,750.00"},{"v":17500,"d":"17,500.00"}]
["昆明市卫生健康委员会","云南省精神病医院","家具和用品","A05010599 其他柜类","其他柜类","个",5,{"v":600,"d":"600.00"},{"v":3000,"d":"3,000.00"}]
["昆明市卫生健康委员会","云南省精神病医院","家具和用品","A05010599 其他柜类","其他柜类","个",126,{"v":450,"d":"450.00"},{"v":56700,"d":"56,700.00"}]
["昆明市卫生健康委员会","云南省精神病医院","家具和用品","A05010599 其他柜类","其他柜类","个",1,{"v":3000,"d":"3,000.00"},{"v":3000,"d":"3,000.00"}]
["昆明市卫生健康委员会","云南省精神病医院","家具和用品","A05010699 其他架类","其他架类","个",8,{"v":4000,"d":"4,000.00"},{"v":32000,"d":"32,000.00"}]
["昆明市卫生健康委员会","云南省精神病医院","家具和用品","A05019900 其他家具","其他家具","套",16,{"v":1100,"d":"1,100.00"},{"v":17600,"d":"17,600.00"}]
["昆明市卫生健康委员会","云南省精神病医院","家具和用品","A05019900 其他家具","其他家具","张",1,{"v":2500,"d":"2,500.00"},{"v":2500,"d":"2,500.00"}]
["昆明市卫生健康委员会","云南省精神病医院","家具和用品","A05019900 其他家具","其他家具","套",2,{"v":2200,"d":"2,200.00"},{"v":4400,"d":"4,400.00"}]
["昆明市卫生健康委员会","云南省精神病医院","家具和用品","A05019900 其他家具","其他家具","套",5,{"v":6000,"d":"6,000.00"},{"v":30000,"d":"30,000.00"}]
["昆明市卫生健康委员会","云南省精神病医院","家具和用品","A05019900 其他家具","其他家具","张",1,{"v":1800,"d":"1,800.00"},{"v":1800,"d":"1,800.00"}]
["昆明市卫生健康委员会","云南省精神病医院","家具和用品","A05020102 炊事机械","炊事机械","台",2,{"v":3000,"d":"3,000.00"},{"v":6000,"d":"6,000.00"}]
["昆明市卫生健康委员会","云南省精神病医院","家具和用品","A05020102 炊事机械","炊事机械","台",1,{"v":10000,"d":"10,000.00"},{"v":10000,"d":"10,000.00"}]
["昆明市卫生健康委员会","云南省精神病医院","无形资产","A08010101 发明专利","发明专利","个",2,{"v":10000,"d":"10,000.00"},{"v":20000,"d":"20,000.00"}]
["昆明市卫生健康委员会","云南省精神病医院","无形资产","A08010102 实用新型专利","实用新型专利","个",1,{"v":5000,"d":"5,000.00"},{"v":5000,"d":"5,000.00"}]
["昆明市卫生健康委员会","云南省精神病医院","无形资产","A08030199 其他作品著作","其他作品著作","元",3,{"v":50000,"d":"50,000.00"},{"v":150000,"d":"150,000.00"}]
["昆明市卫生健康委员会","云南省精神病医院","无形资产","A08060303 应用软件","应用软件","套",1,{"v":100000,"d":"100,000.00"},{"v":100000,"d":"100,000.00"}]
["昆明市卫生健康委员会","云南省精神病医院","无形资产","A08060399 其他计算机软件","其他计算机软件","套",1,{"v":18000000,"d":"18,000,000.00"},{"v":18000000,"d":"18,000,000.00"}]
["昆明市卫生健康委员会","云南省精神病医院","无形资产","A08060399 其他计算机软件","其他计算机软件","元",5,{"v":10000,"d":"10,000.00"},{"v":50000,"d":"50,000.00"}]
["合计",{"$nulls":5},{"v":1829,"d":"1,829"},{"v":45364930,"d":"45,364,930.00"},{"v":50849500,"d":"50,849,500.00"}]

{"sheet":"上级转移支付补助项目支出预算表11","index":12,"n_rows":12,"n_cols":11,"rows_kept":12,"merged":[[2,0,2,10],[3,0,3,6],[4,0,6,0],[4,1,6,1],[4,2,6,2],[4,3,6,3],[4,4,6,4],[4,5,6,5],[4,6,6,6],[4,7,6,7],[4,8,4,10],[5,8,6,8],[5,9,6,9],[5,10,6,10],[10,0,10,6]]}
[]
[{"$nulls":10},"预算11表"]
[{"$f":"\"2025\"&\"年上级转移支付补助项目支出预算表\"","v":"2025年上级转移支付补助项目支出预算表"}]
[{"$f":"\"单位名称：\"&\"云南省精神病医院\"","v":"单位名称：云南省精神病医院"},{"$nulls":9},"单位：元"]
["项目分类","项目名称","项目单位","功能科目编码","功能科目名称","经济科目编码","经济科目名称","合计","上级补助"]
[{"$nulls":8},"一般公共预算","政府性基金预算","国有资本经营预算"]
[{"$nulls":8},"小计"]
[1,2,3,4,5,6,7,8,9,10,11]
[]
[]
["合  计"]
["备注：此表无数据"]

{"sheet":"部门项目中期规划预算表12","index":13,"n_rows":12,"n_cols":7,"rows_kept":12,"merged":[[2,0,2,6],[3,0,3,3],[4,0,6,0],[4,1,6,1],[4,2,6,2],[4,3,6,3],[4,4,4,6],[5,4,6,4],[5,5,6,5],[5,6,6,6],[10,0,10,3]]}
[]
[{"$nulls":6},"预算12表"]
[{"$f":"\"2025\"&\"年部门项目中期规划预算表\"","v":"2025年部门项目中期规划预算表"}]
[{"$f":"\"单位名称：\"&\"云南省精神病医院\"","v":"单位名称：云南省精神病医院"},{"$nulls":5},"单位：元"]
["项目单位","项目分类","项目名称","项目级次","一般公共预算"]
[{"$nulls":4},{"$f":"\"2025\"&\"年\"","v":"2025年"},{"$f":"(\"2025\"+1)&\"年\"","v":"2026年"},{"$f":"(\"2025\"+2)&\"年\"","v":"2027年"}]
[{"$nulls":5},"小计"]
[1,2,3,4,5,6,7]
[]
[]
["合计",""]
["备注：此表无数据"]